{"text_format":"1","workbook":"xlsx","n_sheets":2,"sheets":["Данные","Лист1"],"not_rendered":{"charts":0,"images":0,"macros":1,"external_links":0,"defined_names":4,"comments":0,"pivot_tables":0},"unopened":[],"bounds":{"document_bytes":16777216,"sheet_cells":100000,"rows_first":2000,"rows_last":500,"rows_between":2000,"halvings":0,"cell_chars":16384,"cell_head_chars":4096},"cells_cut":0,"cells_raw":0,"read":"whole","date_system":"1900"}

{"sheet":"Данные","index":0,"n_rows":419,"n_cols":10,"rows_kept":419,"cut":false,"hidden":false,"merged":[[1,0,1,9]]}
[null,null,null,null,null,null,null,null,"Приложение №1"]
["Перечень актуальных и готовых к реализации невостребованных МТР"]
[]
["Наименование лота","Наименование ОГ","№ лота","№ позиции","Наименование неликвидных (НЛ) и невостребованных ликвидных (НВЛ) материалов","Ед. изм","Количество","Мин. цена реализации за ед., руб., без НДС ","Сумма, руб. без НДС","Место нахождения"]
["Болты","ПАО АНК \"Башнефть\" \"Башнефть-Новойл\"",1,1,"Болт M18-6Gх80.58 кмп","КГ",0.87,170.29,{"$f":"G5*H5","v":148.1523},"450045, г. Уфа, ПАО АНК \"Башнефть\" \"Башнефть-Новойл\""]
["Болты","ПАО АНК \"Башнефть\" \"Башнефть-Новойл\"",1,2,"Болт М12-6Gх30.58 оц.","КГ",2.94,57.82,169.99080000000001,"450045, г. Уфа, ПАО АНК \"Башнефть\" \"Башнефть-Новойл\""]
["Болты","ПАО АНК \"Башнефть\" \"Башнефть-Новойл\"",1,3,"Болт М20-6GХ80.58","КГ",39,48.71,1899.69,"450045, г. Уфа, ПАО АНК \"Башнефть\" \"Башнефть-Новойл\""]
["Болты","ПАО АНК \"Башнефть\" \"Башнефть-Новойл\"",1,4,"Болт М20х50 35 ГОСТ 7798","КГ",13,200.03,2600.39,"450045, г. Уфа, ПАО АНК \"Башнефть\" \"Башнефть-Новойл\""]
["Болты","ПАО АНК \"Башнефть\" \"Башнефть-Новойл\"",1,5,"Болт М20х50 35 ГОСТ 7798","КГ",12,200.03,2400.36,"450045, г. Уфа, ПАО АНК \"Башнефть\" \"Башнефть-Новойл\""]
["Болты","ПАО АНК \"Башнефть\" \"Башнефть-Новойл\"",1,6,"Болт М20х50.58 ГОСТ 7798","КГ",8,43.47,347.76,"450045, г. Уфа, ПАО АНК \"Башнефть\" \"Башнефть-Новойл\""]
["Болты","ПАО АНК \"Башнефть\" \"Башнефть-Новойл\"",1,7,"Болт М20х75 40Х с/г с/ш ГОСТ 22353","КГ",25,125.56,3139,"450045, г. Уфа, ПАО АНК \"Башнефть\" \"Башнефть-Новойл\""]
["Болты","ПАО АНК \"Башнефть\" \"Башнефть-Новойл\"",1,8,"Болт М24-6GХ80.58 с гайкой","КГ",0.02,8.39,0.1678,"450045, г. Уфа, ПАО АНК \"Башнефть\" \"Башнефть-Новойл\""]
["Болты","ПАО АНК \"Башнефть\" \"Башнефть-Новойл\"",1,9,"Болт М6-6GХ16.58","КГ",2,228.45,456.9,"450045, г. Уфа, ПАО АНК \"Башнефть\" \"Башнефть-Новойл\""]
["Болты","ПАО АНК \"Башнефть\" \"Башнефть-Новойл\"",1,10,"Болт М6-6GХ16.58","КГ",2,228.45,456.9,"450045, г. Уфа, ПАО АНК \"Башнефть\" \"Башнефть-Новойл\""]
["Болты","ПАО АНК \"Башнефть\" \"Башнефть-Новойл\"",1,11,"Болт М6-6GХ20.58","КГ",4,139.16999999999999,556.67999999999995,"450045, г. Уфа, ПАО АНК \"Башнефть\" \"Башнефть-Новойл\""]
["Болты","ПАО АНК \"Башнефть\" \"Башнефть-Новойл\"",1,12,"Болт М6-6GХ20.58","КГ",4,139.16999999999999,556.67999999999995,"450045, г. Уфа, ПАО АНК \"Башнефть\" \"Башнефть-Новойл\""]
["Болты","ПАО АНК \"Башнефть\" \"Башнефть-Новойл\"",1,13,"Болт М6-6GХ20.58","КГ",0.38,139.16999999999999,52.884599999999999,"450045, г. Уфа, ПАО АНК \"Башнефть\" \"Башнефть-Новойл\""]
["Болты","ПАО АНК \"Башнефть\" \"Башнефть-Новойл\"",1,14,"Болт М6-6GХ20.58","КГ",0.2,139.16999999999999,27.834,"450045, г. Уфа, ПАО АНК \"Башнефть\" \"Башнефть-Новойл\""]
["Болты","ПАО АНК \"Башнефть\" \"Башнефть-Новойл\"",1,15,"Болт 5М12Х150 ст3сп","ШТ",2,22.86,45.72,"450045, г. Уфа, ПАО АНК \"Башнефть\" \"Башнефть-Новойл\""]
["Болты","ПАО АНК \"Башнефть\" \"Башнефть-Новойл\"",1,16,"Болт 5М12Х150 ст3сп","ШТ",26,23.05,599.30000000000007,"450045, г. Уфа, ПАО АНК \"Башнефть\" \"Башнефть-Новойл\""]
["Болты","ПАО АНК \"Башнефть\" \"Башнефть-Новойл\"",1,17,"Болт M18-6Gх80.58 кмп","КГ",0.5,170.29,85.144999999999996,"450045, г. Уфа, ПАО АНК \"Башнефть\" \"Башнефть-Новойл\""]
["Болты","ПАО АНК \"Башнефть\" \"Башнефть-Новойл\"",1,18,"Болт M20-6Gх110.58 кмп","КГ",7,63.8,446.59999999999997,"450045, г. Уфа, ПАО АНК \"Башнефть\" \"Башнефть-Новойл\""]
["Болты","ПАО АНК \"Башнефть\" \"Башнефть-Новойл\"",1,19,"Болт M22-6Gх90.58 кмп","КГ",73,58.89,4298.97,"450045, г. Уфа, ПАО АНК \"Башнефть\" \"Башнефть-Новойл\""]
["Болты","ПАО АНК \"Башнефть\" \"Башнефть-Новойл\"",1,20,"Болт M22-6Gх90.58 кмп","КГ",50,57.31,2865.5,"450045, г. Уфа, ПАО АНК \"Башнефть\" \"Башнефть-Новойл\""]
["Болты","ПАО АНК \"Башнефть\" \"Башнефть-Новойл\"",1,21,"Болт M27-6Gх110.58 кмп","КГ",6.2,54.77,339.57400000000001,"450045, г. Уфа, ПАО АНК \"Башнефть\" \"Башнефть-Новойл\""]
["Болты","ПАО АНК \"Башнефть\" \"Башнефть-Новойл\"",1,22,"Болт M27-6Gх110.58 кмп","КГ",200,53.32,10664,"450045, г. Уфа, ПАО АНК \"Башнефть\" \"Башнефть-Новойл\""]
["Болты","ПАО АНК \"Башнефть\" \"Башнефть-Новойл\"",1,23,"Болт M30-6Gх140.58 кмп","КГ",102,59.64,6083.28,"450045, г. Уфа, ПАО АНК \"Башнефть\" \"Башнефть-Новойл\""]
["Болты","ПАО АНК \"Башнефть\" \"Башнефть-Новойл\"",1,24,"Болт M30-6Gх140.58 кмп","КГ",15,59.33,889.94999999999993,"450045, г. Уфа, ПАО АНК \"Башнефть\" \"Башнефть-Новойл\""]
["Болты","ПАО АНК \"Башнефть\" \"Башнефть-Новойл\"",1,25,"Болт М10х20.58 оц. ГОСТ 7798","КГ",17.399999999999999,61.6,1071.8399999999999,"450045, г. Уфа, ПАО АНК \"Башнефть\" \"Башнефть-Новойл\""]
["Болты","ПАО АНК \"Башнефть\" \"Башнефть-Новойл\"",1,26,"Болт М10х320 05766528-2162-305АС3.И40.00","КМП",16,34.57,553.12,"450045, г. Уфа, ПАО АНК \"Башнефть\" \"Башнефть-Новойл\""]
["Болты","ПАО АНК \"Башнефть\" \"Башнефть-Новойл\"",1,27,"Болт М10х40 25 ГОСТ7798 с гайкой","КГ",27.6,61.42,1695.1920000000002,"450045, г. Уфа, ПАО АНК \"Башнефть\" \"Башнефть-Новойл\""]
["Болты","ПАО АНК \"Башнефть\" \"Башнефть-Новойл\"",1,28,"Болт М10х80 35","КГ",790,64.03,50583.700000000004,"450045, г. Уфа, ПАО АНК \"Башнефть\" \"Башнефть-Новойл\""]
["Болты","ПАО АНК \"Башнефть\" \"Башнефть-Новойл\"",1,29,"Болт М10х80 Ст3 оц. DIN 933","КГ",24.7,470.44,11619.868,"450045, г. Уфа, ПАО АНК \"Башнефть\" \"Башнефть-Новойл\""]
["Болты","ПАО АНК \"Башнефть\" \"Башнефть-Новойл\"",1,30,"Болт М12-6Gх30.58 оц.","КГ",147.36000000000001,57.82,8520.3552,"450045, г. Уфа, ПАО АНК \"Башнефть\" \"Башнефть-Новойл\""]
["Болты","ПАО АНК \"Башнефть\" \"Башнефть-Новойл\"",1,31,"Болт М12-6Gх50.58","КГ",51.9,81.849999999999994,4248.0149999999994,"450045, г. Уфа, ПАО АНК \"Башнефть\" \"Башнефть-Новойл\""]
["Болты","ПАО АНК \"Башнефть\" \"Башнефть-Новойл\"",1,32,"Болт М12-6Gх50.58","КГ",24,78.709999999999994,1889.04,"450045, г. Уфа, ПАО АНК \"Башнефть\" \"Башнефть-Новойл\""]
["Болты","ПАО АНК \"Башнефть\" \"Башнефть-Новойл\"",1,33,"Болт М12-6Gх50.58","КГ",130.1,82.64,10751.464,"450045, г. Уфа, ПАО АНК \"Башнефть\" \"Башнефть-Новойл\""]
["Болты","ПАО АНК \"Башнефть\" \"Башнефть-Новойл\"",1,34,"Болт М12-6GХ50.58.35Х","КГ",0.03,283.2,8.4959999999999987,"450045, г. Уфа, ПАО АНК \"Башнефть\" \"Башнефть-Новойл\""]
["Болты","ПАО АНК \"Башнефть\" \"Башнефть-Новойл\"",1,35,"Болт М12-6GХ60.58","КГ",47.7,53.35,2544.7950000000001,"450045, г. Уфа, ПАО АНК \"Башнефть\" \"Башнефть-Новойл\""]
["Болты","ПАО АНК \"Башнефть\" \"Башнефть-Новойл\"",1,36,"Болт М12х140 25","КГ",1,67.989999999999995,67.989999999999995,"450045, г. Уфа, ПАО АНК \"Башнефть\" \"Башнефть-Новойл\""]
["Болты","ПАО АНК \"Башнефть\" \"Башнефть-Новойл\"",1,37,"Болт М12х50 25 ГОСТ 7798","КГ",29.1,56.45,1642.6950000000002,"450045, г. Уфа, ПАО АНК \"Башнефть\" \"Башнефть-Новойл\""]
["Болты","ПАО АНК \"Башнефть\" \"Башнефть-Новойл\"",1,38,"Болт М12х50.58 ГОСТ 7798","КГ",135,224.3,30280.5,"450045, г. Уфа, ПАО АНК \"Башнефть\" \"Башнефть-Новойл\""]
["Болты","ПАО АНК \"Башнефть\" \"Башнефть-Новойл\"",1,39,"Болт М12х55 25 ГОСТ 7798","КГ",2,60.17,120.34,"450045, г. Уфа, ПАО АНК \"Башнефть\" \"Башнефть-Новойл\""]
["Болты","ПАО АНК \"Башнефть\" \"Башнефть-Новойл\"",1,40,"Болт М12х55 25 ГОСТ 7798","КГ",0.2,60.02,12.004000000000001,"450045, г. Уфа, ПАО АНК \"Башнефть\" \"Башнефть-Новойл\""]
["Болты","ПАО АНК \"Башнефть\" \"Башнефть-Новойл\"",1,41,"Болт М12х80 20 ГОСТ 7798","КГ",10,24.52,245.2,"450045, г. Уфа, ПАО АНК \"Башнефть\" \"Башнефть-Новойл\""]
["Болты","ПАО АНК \"Башнефть\" \"Башнефть-Новойл\"",1,42,"Болт М16-6Gх80.58 ст10","КГ",5,50.99,254.95000000000002,"450045, г. Уфа, ПАО АНК \"Башнефть\" \"Башнефть-Новойл\""]
["Болты","ПАО АНК \"Башнефть\" \"Башнефть-Новойл\"",1,43,"Болт М18х50.58 35 с/г ГОСТ 7798","КГ",5,6.88,34.4,"450045, г. Уфа, ПАО АНК \"Башнефть\" \"Башнефть-Новойл\""]
["Болты","ПАО АНК \"Башнефть\" \"Башнефть-Новойл\"",1,44,"Болт М20-6GХ150.58","КГ",9,48.54,436.86,"450045, г. Уфа, ПАО АНК \"Башнефть\" \"Башнефть-Новойл\""]
["Болты","ПАО АНК \"Башнефть\" \"Башнефть-Новойл\"",1,45,"Болт М20-6GХ150.58","КГ",1240,42.05,52142,"450045, г. Уфа, ПАО АНК \"Башнефть\" \"Башнефть-Новойл\""]
["Болты","ПАО АНК \"Башнефть\" \"Башнефть-Новойл\"",1,46,"Болт М20-6Gх150.58 с/г","КГ",90,45.1,4059,"450045, г. Уфа, ПАО АНК \"Башнефть\" \"Башнефть-Новойл\""]
["Болты","ПАО АНК \"Башнефть\" \"Башнефть-Новойл\"",1,47,"Болт М20-6Gх150.58 с/г","КГ",605,47.41,28683.05,"450045, г. Уфа, ПАО АНК \"Башнефть\" \"Башнефть-Новойл\""]
["Болты","ПАО АНК \"Башнефть\" \"Башнефть-Новойл\"",1,48,"Болт М20-6GХ60.58","КГ",540,78.790000000000006,42546.600000000006,"450045, г. Уфа, ПАО АНК \"Башнефть\" \"Башнефть-Новойл\""]
["Болты","ПАО АНК \"Башнефть\" \"Башнефть-Новойл\"",1,49,"Болт М20-6GХ60.58","КГ",5,73.83,369.15,"450045, г. Уфа, ПАО АНК \"Башнефть\" \"Башнефть-Новойл\""]
["Болты","ПАО АНК \"Башнефть\" \"Башнефть-Новойл\"",1,50,"Болт М20-6Gх60.58 ст25","КГ",100,49.47,4947,"450045, г. Уфа, ПАО АНК \"Башнефть\" \"Башнефть-Новойл\""]
["Болты","ПАО АНК \"Башнефть\" \"Башнефть-Новойл\"",1,51,"Болт М20-6GХ75.58","КГ",2.024,63.47,128.46328,"450045, г. Уфа, ПАО АНК \"Башнефть\" \"Башнефть-Новойл\""]
["Болты","ПАО АНК \"Башнефть\" \"Башнефть-Новойл\"",1,52,"Болт М20-6GХ75.58","КГ",3.2,44.46,142.27200000000002,"450045, г. Уфа, ПАО АНК \"Башнефть\" \"Башнефть-Новойл\""]
["Болты","ПАО АНК \"Башнефть\" \"Башнефть-Новойл\"",1,53,"Болт М20-6GХ80.58","КГ",60.6,48.71,2951.826,"450045, г. Уфа, ПАО АНК \"Башнефть\" \"Башнефть-Новойл\""]
["Болты","ПАО АНК \"Башнефть\" \"Башнефть-Новойл\"",1,54,"Болт М20-6gх90 25","КГ",42.2,62.18,2623.9960000000001,"450045, г. Уфа, ПАО АНК \"Башнефть\" \"Башнефть-Новойл\""]
["Болты","ПАО АНК \"Башнефть\" \"Башнефть-Новойл\"",1,55,"Болт М20-6Gх90.58 ст10","КГ",20,50.1,1002,"450045, г. Уфа, ПАО АНК \"Башнефть\" \"Башнефть-Новойл\""]
["Болты","ПАО АНК \"Башнефть\" \"Башнефть-Новойл\"",1,56,"Болт М20х110.58 с/г ГОСТ 7798","КГ",27,14.89,402.03000000000003,"450045, г. Уфа, ПАО АНК \"Башнефть\" \"Башнефть-Новойл\""]
["Болты","ПАО АНК \"Башнефть\" \"Башнефть-Новойл\"",1,57,"Болт М20х160 35 ГОСТ 7798","КГ",8,71.55,572.4,"450045, г. Уфа, ПАО АНК \"Башнефть\" \"Башнефть-Новойл\""]
["Болты","ПАО АНК \"Башнефть\" \"Башнефть-Новойл\"",1,58,"Болт М20х170.58 кмп ГОСТ7798/5915/11371","КГ",1.1000000000000001,63.8,70.180000000000007,"450045, г. Уфа, ПАО АНК \"Башнефть\" \"Башнефть-Новойл\""]
["Болты","ПАО АНК \"Башнефть\" \"Башнефть-Новойл\"",1,59,"Болт М20х50 35 ГОСТ 7798","КГ",13,200.03,2600.39,"450045, г. Уфа, ПАО АНК \"Башнефть\" \"Башнефть-Новойл\""]
["Болты","ПАО АНК \"Башнефть\" \"Башнефть-Новойл\"",1,60,"Болт М20х50.58 ГОСТ 7798","КГ",9,43.47,391.23,"450045, г. Уфа, ПАО АНК \"Башнефть\" \"Башнефть-Новойл\""]
["Болты","ПАО АНК \"Башнефть\" \"Башнефть-Новойл\"",1,61,"Болт М20х70 кл.пр.5.8 ГОСТ 7798","КГ",7.2,48.71,350.71199999999999,"450045, г. Уфа, ПАО АНК \"Башнефть\" \"Башнефть-Новойл\""]
["Болты","ПАО АНК \"Башнефть\" \"Башнефть-Новойл\"",1,62,"Болт М20х75 40Х с/г с/ш ГОСТ 22353","КГ",50,125.56,6278,"450045, г. Уфа, ПАО АНК \"Башнефть\" \"Башнефть-Новойл\""]
["Болты","ПАО АНК \"Башнефть\" \"Башнефть-Новойл\"",1,63,"Болт М20х80 25 ГОСТ 7798","КГ",389,62.18,24188.02,"450045, г. Уфа, ПАО АНК \"Башнефть\" \"Башнефть-Новойл\""]
["Болты","ПАО АНК \"Башнефть\" \"Башнефть-Новойл\"",1,64,"Болт М20х80 Ст20","КГ",21,55.42,1163.82,"450045, г. Уфа, ПАО АНК \"Башнефть\" \"Башнефть-Новойл\""]
["Болты","ПАО АНК \"Башнефть\" \"Башнефть-Новойл\"",1,65,"Болт М20х90 35 ГОСТ 7798","КГ",9.4,76.78,{"$f":"G69*H69","v":721.73200000000008},"450045, г. Уфа, ПАО АНК \"Башнефть\" \"Башнефть-Новойл\""]
["Болты","ПАО АНК \"Башнефть\" \"Башнефть-Новойл\"",1,66,"Болт М22-6GХ100.58 с гайкой","КГ",158,6.31,996.9799999999999,"450045, г. Уфа, ПАО АНК \"Башнефть\" \"Башнефть-Новойл\""]
["Болты","ПАО АНК \"Башнефть\" \"Башнефть-Новойл\"",1,67,"Болт М22-6GХ110.58 с гайкой","КГ",60,14.89,893.40000000000009,"450045, г. Уфа, ПАО АНК \"Башнефть\" \"Башнефть-Новойл\""]
["Болты","ПАО АНК \"Башнефть\" \"Башнефть-Новойл\"",1,68,"Болт М22-6gх90 25 ГОСТ 7798","КГ",39,63.17,2463.63,"450045, г. Уфа, ПАО АНК \"Башнефть\" \"Башнефть-Новойл\""]
["Болты","ПАО АНК \"Башнефть\" \"Башнефть-Новойл\"",1,69,"Болт М22х100.58 ГОСТ 7798","КГ",142,5.14,729.88,"450045, г. Уфа, ПАО АНК \"Башнефть\" \"Башнефть-Новойл\""]
["Болты","ПАО АНК \"Башнефть\" \"Башнефть-Новойл\"",1,70,"Болт М24-6gх100 35 с/г","КМП",64,108.08,6917.12,"450045, г. Уфа, ПАО АНК \"Башнефть\" \"Башнефть-Новойл\""]
["Болты","ПАО АНК \"Башнефть\" \"Башнефть-Новойл\"",1,71,"Болт М24-6GХ100.58","КГ",24,65.709999999999994,1577.04,"450045, г. Уфа, ПАО АНК \"Башнефть\" \"Башнефть-Новойл\""]
["Болты","ПАО АНК \"Башнефть\" \"Башнефть-Новойл\"",1,72,"Болт М24-6GХ60.58","КГ",15.5,50.73,786.31499999999994,"450045, г. Уфа, ПАО АНК \"Башнефть\" \"Башнефть-Новойл\""]
["Болты","ПАО АНК \"Башнефть\" \"Башнефть-Новойл\"",1,73,"Болт М24-6GХ75.58","КГ",53,50.18,2659.54,"450045, г. Уфа, ПАО АНК \"Башнефть\" \"Башнефть-Новойл\""]
["Болты","ПАО АНК \"Башнефть\" \"Башнефть-Новойл\"",1,74,"Болт М24-6GХ80.58 с гайкой","КГ",98.7,8.39,828.09300000000007,"450045, г. Уфа, ПАО АНК \"Башнефть\" \"Башнефть-Новойл\""]
["Болты","ПАО АНК \"Башнефть\" \"Башнефть-Новойл\"",1,75,"Болт М24-6gх90 Ст25","КГ",413.2,63.04,26048.128000000001,"450045, г. Уфа, ПАО АНК \"Башнефть\" \"Башнефть-Новойл\""]
["Болты","ПАО АНК \"Башнефть\" \"Башнефть-Новойл\"",1,76,"Болт М24-8GХ70.58","КГ",50,33.44,1672,"450045, г. Уфа, ПАО АНК \"Башнефть\" \"Башнефть-Новойл\""]
["Болты","ПАО АНК \"Башнефть\" \"Башнефть-Новойл\"",1,77,"Болт М24-8GХ90.58","КГ",58,39.25,2276.5,"450045, г. Уфа, ПАО АНК \"Башнефть\" \"Башнефть-Новойл\""]
["Болты","ПАО АНК \"Башнефть\" \"Башнефть-Новойл\"",1,78,"Болт М27-6gх110.58 ст25","КГ",193.3,62.78,12135.374000000002,"450045, г. Уфа, ПАО АНК \"Башнефть\" \"Башнефть-Новойл\""]
["Болты","ПАО АНК \"Башнефть\" \"Башнефть-Новойл\"",1,79,"Болт М27х170.58 с/г ГОСТ 7798","КГ",38.4,14.81,568.70399999999995,"450045, г. Уфа, ПАО АНК \"Башнефть\" \"Башнефть-Новойл\""]
["Болты","ПАО АНК \"Башнефть\" \"Башнефть-Новойл\"",1,80,"Болт М30-6GХ130.58 ст35","КГ",155,64.67,10023.85,"450045, г. Уфа, ПАО АНК \"Башнефть\" \"Башнефть-Новойл\""]
["Болты","ПАО АНК \"Башнефть\" \"Башнефть-Новойл\"",1,81,"Болт М30-6gх140.58 ст35","КГ",262.5,64.67,16975.875,"450045, г. Уфа, ПАО АНК \"Башнефть\" \"Башнефть-Новойл\""]
["Болты","ПАО АНК \"Башнефть\" \"Башнефть-Новойл\"",1,82,"Болт М30-6Gх80.58 с/г","КГ",152.5,6.86,1046.1500000000001,"450045, г. Уфа, ПАО АНК \"Башнефть\" \"Башнефть-Новойл\""]
["Болты","ПАО АНК \"Башнефть\" \"Башнефть-Новойл\"",1,83,"Болт М30-8GХ140.58","КГ",169,50.63,8556.4700000000012,"450045, г. Уфа, ПАО АНК \"Башнефть\" \"Башнефть-Новойл\""]
["Болты","ПАО АНК \"Башнефть\" \"Башнефть-Новойл\"",1,84,"Болт М30х180 Ст3сп5","ШТ",8,66.930000000000007,535.44000000000005,"450045, г. Уфа, ПАО АНК \"Башнефть\" \"Башнефть-Новойл\""]
["Болты","ПАО АНК \"Башнефть\" \"Башнефть-Новойл\"",1,85,"Болт М36-6GХ140.58","КГ",93.2,59.75,5568.7,"450045, г. Уфа, ПАО АНК \"Башнефть\" \"Башнефть-Новойл\""]
["Болты","ПАО АНК \"Башнефть\" \"Башнефть-Новойл\"",1,86,"Болт М36-6GХ140.58 ст35","КГ",185,66.069999999999993,12222.949999999999,"450045, г. Уфа, ПАО АНК \"Башнефть\" \"Башнефть-Новойл\""]
["Болты","ПАО АНК \"Башнефть\" \"Башнефть-Новойл\"",1,87,"Болт М36-6Gх160.58 ст35","КГ",20,78.849999999999994,1577,"450045, г. Уфа, ПАО АНК \"Башнефть\" \"Башнефть-Новойл\""]
["Болты","ПАО АНК \"Башнефть\" \"Башнефть-Новойл\"",1,88,"Болт М36-6gх160.58 ст35","КГ",653.20000000000005,66.069999999999993,43156.923999999999,"450045, г. Уфа, ПАО АНК \"Башнефть\" \"Башнефть-Новойл\""]
["Болты","ПАО АНК \"Башнефть\" \"Башнефть-Новойл\"",1,89,"Болт М36-6GХ200.58","КГ",4.5,61.28,275.76,"450045, г. Уфа, ПАО АНК \"Башнефть\" \"Башнефть-Новойл\""]
["Болты","ПАО АНК \"Башнефть\" \"Башнефть-Новойл\"",1,90,"Болт М36-6GХ200.58","КГ",50,54.65,2732.5,"450045, г. Уфа, ПАО АНК \"Башнефть\" \"Башнефть-Новойл\""]
["Болты","ПАО АНК \"Башнефть\" \"Башнефть-Новойл\"",1,91,"Болт М36-8GХ160.58","КГ",220,57.85,12727,"450045, г. Уфа, ПАО АНК \"Башнефть\" \"Башнефть-Новойл\""]
["Болты","ПАО АНК \"Башнефть\" \"Башнефть-Новойл\"",1,92,"Болт М36х240 Ст3сп5 ГОСТ 7798","ШТ",8,70.73,565.84,"450045, г. Уфа, ПАО АНК \"Башнефть\" \"Башнефть-Новойл\""]
["Болты","ПАО АНК \"Башнефть\" \"Башнефть-Новойл\"",1,93,"Болт М42-6GХ170.58","КГ",60,57.85,3471,"450045, г. Уфа, ПАО АНК \"Башнефть\" \"Башнефть-Новойл\""]
["Болты","ПАО АНК \"Башнефть\" \"Башнефть-Новойл\"",1,94,"Болт М42-6gх170.58 ст35","КГ",476.8,70.73,33724.064000000006,"450045, г. Уфа, ПАО АНК \"Башнефть\" \"Башнефть-Новойл\""]
["Болты","ПАО АНК \"Башнефть\" \"Башнефть-Новойл\"",1,95,"Болт М6-6GХ16.58","КГ",2,228.45,456.9,"450045, г. Уфа, ПАО АНК \"Башнефть\" \"Башнефть-Новойл\""]
["Болты","ПАО АНК \"Башнефть\" \"Башнефть-Новойл\"",1,96,"Болт М6-6GХ20.58","КГ",200,139.16999999999999,27833.999999999996,"450045, г. Уфа, ПАО АНК \"Башнефть\" \"Башнефть-Новойл\""]
["Болты","ПАО АНК \"Башнефть\" \"Башнефть-Новойл\"",1,97,"Болт М6-6GХ20.58","КГ",1.6,139.16999999999999,222.672,"450045, г. Уфа, ПАО АНК \"Башнефть\" \"Башнефть-Новойл\""]
["Болты","ПАО АНК \"Башнефть\" \"Башнефть-Новойл\"",1,98,"Болт М6-6GХ20.58","КГ",5,139.16999999999999,695.84999999999991,"450045, г. Уфа, ПАО АНК \"Башнефть\" \"Башнефть-Новойл\""]
["Болты","ПАО АНК \"Башнефть\" \"Башнефть-Новойл\"",1,99,"Болт М6-6GХ20.58","КГ",2.4,139.16999999999999,334.00799999999998,"450045, г. Уфа, ПАО АНК \"Башнефть\" \"Башнефть-Новойл\""]
["Болты","ПАО АНК \"Башнефть\" \"Башнефть-Новойл\"",1,100,"Болт М6-6GХ60.58","КГ",54,139.16999999999999,7515.1799999999994,"450045, г. Уфа, ПАО АНК \"Башнефть\" \"Башнефть-Новойл\""]
["Болты","ПАО АНК \"Башнефть\" \"Башнефть-Новойл\"",1,101,"Болт М8-6Gх80.58 оц. с/г","КГ",0.2,58.16,11.632,"450045, г. Уфа, ПАО АНК \"Башнефть\" \"Башнефть-Новойл\""]
["Гайки","ПАО АНК \"Башнефть\" \"Башнефть-Новойл\"",2,102,"Гайка M36 20","КГ",66,78.069999999999993,5152.62,"450045, г. Уфа, ПАО АНК \"Башнефть\" \"Башнефть-Новойл\""]
["Гайки","ПАО АНК \"Башнефть\" \"Башнефть-Новойл\"",2,103,"Гайка M68 35","ШТ",2,985.39,1970.78,"450045, г. Уфа, ПАО АНК \"Башнефть\" \"Башнефть-Новойл\""]
["Гайки","ПАО АНК \"Башнефть\" \"Башнефть-Новойл\"",2,104,"Гайка М12 25 ГОСТ 5915","КГ",2,387.69,775.38,"450045, г. Уфа, ПАО АНК \"Башнефть\" \"Башнефть-Новойл\""]
["Гайки","ПАО АНК \"Башнефть\" \"Башнефть-Новойл\"",2,105,"Гайка М12 25 ГОСТ 5915","КГ",2,387.69,775.38,"450045, г. Уфа, ПАО АНК \"Башнефть\" \"Башнефть-Новойл\""]
["Гайки","ПАО АНК \"Башнефть\" \"Башнефть-Новойл\"",2,106,"Гайка М12 25 ГОСТ 5915","КГ",2,387.69,775.38,"450045, г. Уфа, ПАО АНК \"Башнефть\" \"Башнефть-Новойл\""]
["Гайки","ПАО АНК \"Башнефть\" \"Башнефть-Новойл\"",2,107,"Гайка М12-6H.5.58","КГ",4.4999999999999998E-2,156.72999999999999,7.0528499999999994,"450045, г. Уфа, ПАО АНК \"Башнефть\" \"Башнефть-Новойл\""]
["Гайки","ПАО АНК \"Башнефть\" \"Башнефть-Новойл\"",2,108,"Гайка М12-6Н.5","КГ",0.04,175.57,7.0228000000000002,"450045, г. Уфа, ПАО АНК \"Башнефть\" \"Башнефть-Новойл\""]
["Гайки","ПАО АНК \"Башнефть\" \"Башнефть-Новойл\"",2,109,"Гайка М30-6Н.5","КГ",4,60.3,241.2,"450045, г. Уфа, ПАО АНК \"Башнефть\" \"Башнефть-Новойл\""]
["Гайки","ПАО АНК \"Башнефть\" \"Башнефть-Новойл\"",2,110,"Гайка М42-6H.5.25","КГ",37,83.06,{"$f":"G114*H114","v":3073.2200000000003},"450045, г. Уфа, ПАО АНК \"Башнефть\" \"Башнефть-Новойл\""]
["Гайки","ПАО АНК \"Башнефть\" \"Башнефть-Новойл\"",2,111,"Гайка М5.6 ГОСТ 5915","КГ",30,33.090000000000003,992.7,"450045, г. Уфа, ПАО АНК \"Башнефть\" \"Башнефть-Новойл\""]
["Гайки","ПАО АНК \"Башнефть\" \"Башнефть-Новойл\"",2,112,"Гайка М6 с покрытием","КГ",1.5,2669.42,4004.13,"450045, г. Уфа, ПАО АНК \"Башнефть\" \"Башнефть-Новойл\""]
["Гайки","ПАО АНК \"Башнефть\" \"Башнефть-Новойл\"",2,113,"Гайка М6 с покрытием","КГ",1.5,2669.42,4004.13,"450045, г. Уфа, ПАО АНК \"Башнефть\" \"Башнефть-Новойл\""]
["Гайки","ПАО АНК \"Башнефть\" \"Башнефть-Новойл\"",2,114,"Гайка М6 с покрытием","КГ",1.5,2669.42,4004.13,"450045, г. Уфа, ПАО АНК \"Башнефть\" \"Башнефть-Новойл\""]
["Гайки","ПАО АНК \"Башнефть\" \"Башнефть-Новойл\"",2,115,"Гайка М6 с покрытием","КГ",1.5,2669.42,4004.13,"450045, г. Уфа, ПАО АНК \"Башнефть\" \"Башнефть-Новойл\""]
["Гайки","ПАО АНК \"Башнефть\" \"Башнефть-Новойл\"",2,116,"Гайка М6 с покрытием","КГ",1.5,2669.42,4004.13,"450045, г. Уфа, ПАО АНК \"Башнефть\" \"Башнефть-Новойл\""]
["Гайки","ПАО АНК \"Башнефть\" \"Башнефть-Новойл\"",2,117,"Гайка М6 с покрытием","КГ",1.5,2669.42,4004.13,"450045, г. Уфа, ПАО АНК \"Башнефть\" \"Башнефть-Новойл\""]
["Гайки","ПАО АНК \"Башнефть\" \"Башнефть-Новойл\"",2,118,"Гайка М6 с покрытием","КГ",1.5,2669.42,4004.13,"450045, г. Уфа, ПАО АНК \"Башнефть\" \"Башнефть-Новойл\""]
["Гайки","ПАО АНК \"Башнефть\" \"Башнефть-Новойл\"",2,119,"Гайка М6 с покрытием","КГ",1.5,2669.42,4004.13,"450045, г. Уфа, ПАО АНК \"Башнефть\" \"Башнефть-Новойл\""]
["Гайки","ПАО АНК \"Башнефть\" \"Башнефть-Новойл\"",2,120,"Гайка М6 с покрытием","КГ",1.5,2669.42,4004.13,"450045, г. Уфа, ПАО АНК \"Башнефть\" \"Башнефть-Новойл\""]
["Гайки","ПАО АНК \"Башнефть\" \"Башнефть-Новойл\"",2,121,"Гайка М6 с покрытием","КГ",1.5,2669.42,4004.13,"450045, г. Уфа, ПАО АНК \"Башнефть\" \"Башнефть-Новойл\""]
["Гайки","ПАО АНК \"Башнефть\" \"Башнефть-Новойл\"",2,122,"Гайка М6 с покрытием","КГ",1.5,2669.42,4004.13,"450045, г. Уфа, ПАО АНК \"Башнефть\" \"Башнефть-Новойл\""]
["Гайки","ПАО АНК \"Башнефть\" \"Башнефть-Новойл\"",2,123,"Гайка М6 с покрытием","КГ",1.5,2669.42,4004.13,"450045, г. Уфа, ПАО АНК \"Башнефть\" \"Башнефть-Новойл\""]
["Гайки","ПАО АНК \"Башнефть\" \"Башнефть-Новойл\"",2,124,"Гайка М6 с покрытием","КГ",1.5,2669.42,4004.13,"450045, г. Уфа, ПАО АНК \"Башнефть\" \"Башнефть-Новойл\""]
["Гайки","ПАО АНК \"Башнефть\" \"Башнефть-Новойл\"",2,125,"Гайка М6 с покрытием","КГ",1.5,2669.42,4004.13,"450045, г. Уфа, ПАО АНК \"Башнефть\" \"Башнефть-Новойл\""]
["Гайки","ПАО АНК \"Башнефть\" \"Башнефть-Новойл\"",2,126,"Гайка М6 с покрытием","КГ",0.5,2669.42,1334.71,"450045, г. Уфа, ПАО АНК \"Башнефть\" \"Башнефть-Новойл\""]
["Гайки","ПАО АНК \"Башнефть\" \"Башнефть-Новойл\"",2,127,"Гайка М6-6Н.6","КГ",1.9,32.630000000000003,61.997,"450045, г. Уфа, ПАО АНК \"Башнефть\" \"Башнефть-Новойл\""]
["Гайки","ПАО АНК \"Башнефть\" \"Башнефть-Новойл\"",2,128,"Гайка М6-6Н.6","КГ",0.1,32.630000000000003,3.2630000000000003,"450045, г. Уфа, ПАО АНК \"Башнефть\" \"Башнефть-Новойл\""]
["Гайки","ПАО АНК \"Башнефть\" \"Башнефть-Новойл\"",2,129,"Контргайка 15","ШТ",15,9.4499999999999993,141.75,"450045, г. Уфа, ПАО АНК \"Башнефть\" \"Башнефть-Новойл\""]
["Гайки","ПАО АНК \"Башнефть\" \"Башнефть-Новойл\"",2,130,"Контргайка 25-Ц","ШТ",5,18.77,93.85,"450045, г. Уфа, ПАО АНК \"Башнефть\" \"Башнефть-Новойл\""]
["Гайки","ПАО АНК \"Башнефть\" \"Башнефть-Новойл\"",2,131,"Контргайка 25-Ц","ШТ",5,18.77,93.85,"450045, г. Уфа, ПАО АНК \"Башнефть\" \"Башнефть-Новойл\""]
["Гайки","ПАО АНК \"Башнефть\" \"Башнефть-Новойл\"",2,132,"Гайка M36 20","КГ",208.1,78.069999999999993,16246.366999999998,"450045, г. Уфа, ПАО АНК \"Башнефть\" \"Башнефть-Новойл\""]
["Гайки","ПАО АНК \"Башнефть\" \"Башнефть-Новойл\"",2,133,"Гайка M5 20 оц.","ШТ",3,0.17,0.51,"450045, г. Уфа, ПАО АНК \"Башнефть\" \"Башнефть-Новойл\""]
["Гайки","ПАО АНК \"Башнефть\" \"Башнефть-Новойл\"",2,134,"Гайка M68 35","ШТ",2,985.39,1970.78,"450045, г. Уфа, ПАО АНК \"Башнефть\" \"Башнефть-Новойл\""]
["Гайки","ПАО АНК \"Башнефть\" \"Башнефть-Новойл\"",2,135,"Гайка АМ22-6Н.25","ШТ",192,7.05,1353.6,"450045, г. Уфа, ПАО АНК \"Башнефть\" \"Башнефть-Новойл\""]
["Гайки","ПАО АНК \"Башнефть\" \"Башнефть-Новойл\"",2,136,"Гайка М10-6H.40Х.016","КГ",75,1848.68,138651,"450045, г. Уфа, ПАО АНК \"Башнефть\" \"Башнефть-Новойл\""]
["Гайки","ПАО АНК \"Башнефть\" \"Башнефть-Новойл\"",2,137,"Гайка М10-6Н.05","КГ",1,52.52,52.52,"450045, г. Уфа, ПАО АНК \"Башнефть\" \"Башнефть-Новойл\""]
["Гайки","ПАО АНК \"Башнефть\" \"Башнефть-Новойл\"",2,138,"Гайка М10-6Н.5.016","КГ",4,581.14,2324.56,"450045, г. Уфа, ПАО АНК \"Башнефть\" \"Башнефть-Новойл\""]
["Гайки","ПАО АНК \"Башнефть\" \"Башнефть-Новойл\"",2,139,"Гайка М10-6Н.6","КГ",34.51,36.03,1243.3952999999999,"450045, г. Уфа, ПАО АНК \"Башнефть\" \"Башнефть-Новойл\""]
["Гайки","ПАО АНК \"Башнефть\" \"Башнефть-Новойл\"",2,140,"Гайка М10-6Н.6","КГ",5.9,36.03,212.57700000000003,"450045, г. Уфа, ПАО АНК \"Башнефть\" \"Башнефть-Новойл\""]
["Гайки","ПАО АНК \"Башнефть\" \"Башнефть-Новойл\"",2,141,"Гайка М10-6Н.8.019","КГ",498,41.41,20622.179999999997,"450045, г. Уфа, ПАО АНК \"Башнефть\" \"Башнефть-Новойл\""]
["Гайки","ПАО АНК \"Башнефть\" \"Башнефть-Новойл\"",2,142,"Гайка М10-6Н.8.019","КГ",1,889.42,889.42,"450045, г. Уфа, ПАО АНК \"Башнефть\" \"Башнефть-Новойл\""]
["Гайки","ПАО АНК \"Башнефть\" \"Башнефть-Новойл\"",2,143,"Гайка М10-7H 25","ШТ",10,0.89,8.9,"450045, г. Уфа, ПАО АНК \"Башнефть\" \"Башнефть-Новойл\""]
["Гайки","ПАО АНК \"Башнефть\" \"Башнефть-Новойл\"",2,144,"Гайка М12 25 ГОСТ 5915","КГ",2,387.69,775.38,"450045, г. Уфа, ПАО АНК \"Башнефть\" \"Башнефть-Новойл\""]
["Гайки","ПАО АНК \"Башнефть\" \"Башнефть-Новойл\"",2,145,"Гайка М12 25 ГОСТ 5915","КГ",577.16,41.57,23992.5412,"450045, г. Уфа, ПАО АНК \"Башнефть\" \"Башнефть-Новойл\""]
["Гайки","ПАО АНК \"Башнефть\" \"Башнефть-Новойл\"",2,146,"Гайка М12 25 ГОСТ 5915","КГ",1,387.69,387.69,"450045, г. Уфа, ПАО АНК \"Башнефть\" \"Башнефть-Новойл\""]
["Гайки","ПАО АНК \"Башнефть\" \"Башнефть-Новойл\"",2,147,"Гайка М12-6H.5.58","КГ",5.5,162.88999999999999,895.89499999999998,"450045, г. Уфа, ПАО АНК \"Башнефть\" \"Башнефть-Новойл\""]
["Гайки","ПАО АНК \"Башнефть\" \"Башнефть-Новойл\"",2,148,"Гайка М12-6H.5.58","КГ",16.2,156.72999999999999,2539.0259999999998,"450045, г. Уфа, ПАО АНК \"Башнефть\" \"Башнефть-Новойл\""]
["Гайки","ПАО АНК \"Башнефть\" \"Башнефть-Новойл\"",2,149,"Гайка М12-6Н.5","КГ",6.1,175.57,1070.9769999999999,"450045, г. Уфа, ПАО АНК \"Башнефть\" \"Башнефть-Новойл\""]
["Гайки","ПАО АНК \"Башнефть\" \"Башнефть-Новойл\"",2,150,"Гайка М12-6Н.5","КГ",1,175.57,175.57,"450045, г. Уфа, ПАО АНК \"Башнефть\" \"Башнефть-Новойл\""]
["Гайки","ПАО АНК \"Башнефть\" \"Башнефть-Новойл\"",2,151,"Гайка М12-6Н.5","КГ",6,175.57,1053.42,"450045, г. Уфа, ПАО АНК \"Башнефть\" \"Башнефть-Новойл\""]
["Гайки","ПАО АНК \"Башнефть\" \"Башнефть-Новойл\"",2,152,"Гайка М12-6Н.5","КГ",7.18,175.57,1260.5925999999999,"450045, г. Уфа, ПАО АНК \"Башнефть\" \"Башнефть-Новойл\""]
["Гайки","ПАО АНК \"Башнефть\" \"Башнефть-Новойл\"",2,153,"Гайка М12-7Н.6.35","КГ",13,52.52,682.76,"450045, г. Уфа, ПАО АНК \"Башнефть\" \"Башнефть-Новойл\""]
["Гайки","ПАО АНК \"Башнефть\" \"Башнефть-Новойл\"",2,154,"Гайка М20-6Н","КГ",83.2,75.91,6315.7119999999995,"450045, г. Уфа, ПАО АНК \"Башнефть\" \"Башнефть-Новойл\""]
["Гайки","ПАО АНК \"Башнефть\" \"Башнефть-Новойл\"",2,155,"Гайка М20-6Н.5","КГ",244,355.77,86807.87999999999,"450045, г. Уфа, ПАО АНК \"Башнефть\" \"Башнефть-Новойл\""]
["Гайки","ПАО АНК \"Башнефть\" \"Башнефть-Новойл\"",2,156,"Гайка М20-6Н.6.05 Ст35 к УТ 1274.00.002","ШТ",1750,4.84,8470,"450045, г. Уфа, ПАО АНК \"Башнефть\" \"Башнефть-Новойл\""]
["Гайки","ПАО АНК \"Башнефть\" \"Башнефть-Новойл\"",2,157,"Гайка М22 12Х18Н10Т ГОСТ 9064","ШТ",1245,13.02,16209.9,"450045, г. Уфа, ПАО АНК \"Башнефть\" \"Башнефть-Новойл\""]
["Гайки","ПАО АНК \"Башнефть\" \"Башнефть-Новойл\"",2,158,"Гайка М22.6 ГОСТ 5915","КГ",5,52.75,263.75,"450045, г. Уфа, ПАО АНК \"Башнефть\" \"Башнефть-Новойл\""]
["Гайки","ПАО АНК \"Башнефть\" \"Башнефть-Новойл\"",2,159,"Гайка М22-6H 10 ГОСТ 5915","КГ",13.3,75.91,1009.603,"450045, г. Уфа, ПАО АНК \"Башнефть\" \"Башнефть-Новойл\""]
["Гайки","ПАО АНК \"Башнефть\" \"Башнефть-Новойл\"",2,160,"Гайка М24 Ст3пс оц. ГОСТ 5915","ШТ",70,4.8499999999999996,339.5,"450045, г. Уфа, ПАО АНК \"Башнефть\" \"Башнефть-Новойл\""]
["Гайки","ПАО АНК \"Башнефть\" \"Башнефть-Новойл\"",2,161,"Гайка М30-6Н.5","КГ",50,60.3,3015,"450045, г. Уфа, ПАО АНК \"Башнефть\" \"Башнефть-Новойл\""]
["Гайки","ПАО АНК \"Башнефть\" \"Башнефть-Новойл\"",2,162,"Гайка М30-6Н.5.20","КГ",11.34,48.3,547.72199999999998,"450045, г. Уфа, ПАО АНК \"Башнефть\" \"Башнефть-Новойл\""]
["Гайки","ПАО АНК \"Башнефть\" \"Башнефть-Новойл\"",2,163,"Гайка М30-6Н.5.20","КГ",0.03,48.3,1.4489999999999998,"450045, г. Уфа, ПАО АНК \"Башнефть\" \"Башнефть-Новойл\""]
["Гайки","ПАО АНК \"Башнефть\" \"Башнефть-Новойл\"",2,164,"Гайка М30х2,5-7H.40Х","КГ",30,235.57,7067.0999999999995,"450045, г. Уфа, ПАО АНК \"Башнефть\" \"Башнефть-Новойл\""]
["Гайки","ПАО АНК \"Башнефть\" \"Башнефть-Новойл\"",2,165,"Гайка М36 Вст3пс2 ГОСТ 5915","КГ",8,75.86,606.88,"450045, г. Уфа, ПАО АНК \"Башнефть\" \"Башнефть-Новойл\""]
["Гайки","ПАО АНК \"Башнефть\" \"Башнефть-Новойл\"",2,166,"Гайка М36-6Н.5","КГ",163.25,60.44,9866.83,"450045, г. Уфа, ПАО АНК \"Башнефть\" \"Башнефть-Новойл\""]
["Гайки","ПАО АНК \"Башнефть\" \"Башнефть-Новойл\"",2,167,"Гайка М36-6Н.6","КГ",10,66.790000000000006,667.90000000000009,"450045, г. Уфа, ПАО АНК \"Башнефть\" \"Башнефть-Новойл\""]
["Гайки","ПАО АНК \"Башнефть\" \"Башнефть-Новойл\"",2,168,"Гайка М36-6Н.6","КГ",35,54.97,1923.95,"450045, г. Уфа, ПАО АНК \"Башнефть\" \"Башнефть-Новойл\""]
["Гайки","ПАО АНК \"Башнефть\" \"Башнефть-Новойл\"",2,169,"Гайка М4.6 оц. ГОСТ 5915","ШТ",140,0.11,15.4,"450045, г. Уфа, ПАО АНК \"Башнефть\" \"Башнефть-Новойл\""]
["Гайки","ПАО АНК \"Башнефть\" \"Башнефть-Новойл\"",2,170,"Гайка М42-6H.5.25","КГ",55.8,83.06,4634.7479999999996,"450045, г. Уфа, ПАО АНК \"Башнефть\" \"Башнефть-Новойл\""]
["Гайки","ПАО АНК \"Башнефть\" \"Башнефть-Новойл\"",2,171,"Гайка М42LH-7H 25 ОСТ 26-2041","ШТ",2,189.96,379.92,"450045, г. Уфа, ПАО АНК \"Башнефть\" \"Башнефть-Новойл\""]
["Гайки","ПАО АНК \"Башнефть\" \"Башнефть-Новойл\"",2,172,"Гайка М5.6 ГОСТ 5915","КГ",23,33.090000000000003,761.07,"450045, г. Уфа, ПАО АНК \"Башнефть\" \"Башнефть-Новойл\""]
["Гайки","ПАО АНК \"Башнефть\" \"Башнефть-Новойл\"",2,173,"Гайка М6 с покрытием","КГ",1.5,2669.42,4004.13,"450045, г. Уфа, ПАО АНК \"Башнефть\" \"Башнефть-Новойл\""]
["Гайки","ПАО АНК \"Башнефть\" \"Башнефть-Новойл\"",2,174,"Гайка М6-6Н.6","КГ",0.7,7106.73,{"$f":"G178*H178","v":4974.7109999999993},"450045, г. Уфа, ПАО АНК \"Башнефть\" \"Башнефть-Новойл\""]
["Гайки","ПАО АНК \"Башнефть\" \"Башнефть-Новойл\"",2,175,"Гайка М6-6Н.6","КГ",27.795000000000002,32.630000000000003,906.95085000000017,"450045, г. Уфа, ПАО АНК \"Башнефть\" \"Башнефть-Новойл\""]
["Гайки","ПАО АНК \"Башнефть\" \"Башнефть-Новойл\"",2,176,"Гайка М8-6Н.5","КГ",2,258.62,517.24,"450045, г. Уфа, ПАО АНК \"Башнефть\" \"Башнефть-Новойл\""]
["Гайки","ПАО АНК \"Башнефть\" \"Башнефть-Новойл\"",2,177,"Гайка М8-6Н.5.35","КГ",1,54.35,54.35,"450045, г. Уфа, ПАО АНК \"Башнефть\" \"Башнефть-Новойл\""]
["Гайки","ПАО АНК \"Башнефть\" \"Башнефть-Новойл\"",2,178,"Гайка М8-6Н.5.35","КГ",12,54.35,652.20000000000005,"450045, г. Уфа, ПАО АНК \"Башнефть\" \"Башнефть-Новойл\""]
["Гайки","ПАО АНК \"Башнефть\" \"Башнефть-Новойл\"",2,179,"Гайка оцинкованная М6","КГ",44.6,81.83,3649.6179999999999,"450045, г. Уфа, ПАО АНК \"Башнефть\" \"Башнефть-Новойл\""]
["Гайки","ПАО АНК \"Башнефть\" \"Башнефть-Новойл\"",2,180,"Контргайка 15","ШТ",5,9.4499999999999993,47.25,"450045, г. Уфа, ПАО АНК \"Башнефть\" \"Башнефть-Новойл\""]
["Гайки","ПАО АНК \"Башнефть\" \"Башнефть-Новойл\"",2,181,"Контргайка 15","ШТ",100,9.4499999999999993,944.99999999999989,"450045, г. Уфа, ПАО АНК \"Башнефть\" \"Башнефть-Новойл\""]
["Гайки","ПАО АНК \"Башнефть\" \"Башнефть-Новойл\"",2,182,"Контргайка 20","ШТ",20,10.42,208.4,"450045, г. Уфа, ПАО АНК \"Башнефть\" \"Башнефть-Новойл\""]
["Гайки","ПАО АНК \"Башнефть\" \"Башнефть-Новойл\"",2,183,"Контргайка 20","ШТ",5,10.42,52.1,"450045, г. Уфа, ПАО АНК \"Башнефть\" \"Башнефть-Новойл\""]
["Гайки","ПАО АНК \"Башнефть\" \"Башнефть-Новойл\"",2,184,"Контргайка 25-Ц","ШТ",5,18.77,93.85,"450045, г. Уфа, ПАО АНК \"Башнефть\" \"Башнефть-Новойл\""]
["Гайки","ПАО АНК \"Башнефть\" \"Башнефть-Новойл\"",2,185,"Контргайка 32","ШТ",5,28.09,140.44999999999999,"450045, г. Уфа, ПАО АНК \"Башнефть\" \"Башнефть-Новойл\""]
["Шайбы","ПАО АНК \"Башнефть\" \"Башнефть-Новойл\"",3,186,"Шайба 12.20.019","ШТ",206,1.04,214.24,"450045, г. Уфа, ПАО АНК \"Башнефть\" \"Башнефть-Новойл\""]
["Шайбы","ПАО АНК \"Башнефть\" \"Башнефть-Новойл\"",3,187,"Шайба 12.20.019","ШТ",203,1.04,211.12,"450045, г. Уфа, ПАО АНК \"Башнефть\" \"Башнефть-Новойл\""]
["Шайбы","ПАО АНК \"Башнефть\" \"Башнефть-Новойл\"",3,188,"Шайба 12.20.019","ШТ",24,1.05,25.200000000000003,"450045, г. Уфа, ПАО АНК \"Башнефть\" \"Башнефть-Новойл\""]
["Шайбы","ПАО АНК \"Башнефть\" \"Башнефть-Новойл\"",3,189,"Шайба 12.20.019","ШТ",56,1.06,59.36,"450045, г. Уфа, ПАО АНК \"Башнефть\" \"Башнефть-Новойл\""]
["Шайбы","ПАО АНК \"Башнефть\" \"Башнефть-Новойл\"",3,190,"Шайба 12.20.019","ШТ",1475,1.1499999999999999,1696.2499999999998,"450045, г. Уфа, ПАО АНК \"Башнефть\" \"Башнефть-Новойл\""]
["Шайбы","ПАО АНК \"Башнефть\" \"Башнефть-Новойл\"",3,191,"Шайба 12.20.019","ШТ",5000,1.08,5400,"450045, г. Уфа, ПАО АНК \"Башнефть\" \"Башнефть-Новойл\""]
["Шайбы","ПАО АНК \"Башнефть\" \"Башнефть-Новойл\"",3,192,"Шайба 20.20.019","ШТ",55,3.36,184.79999999999998,"450045, г. Уфа, ПАО АНК \"Башнефть\" \"Башнефть-Новойл\""]
["Шайбы","ПАО АНК \"Башнефть\" \"Башнефть-Новойл\"",3,193,"Шайба 68.01КП ГОСТ11872-80 НК200/210","ШТ",5,226,1130,"450045, г. Уфа, ПАО АНК \"Башнефть\" \"Башнефть-Новойл\""]
["Шайбы","ПАО АНК \"Башнефть\" \"Башнефть-Новойл\"",3,194,"Шайба А.10.02.Ст3.019","КГ",16.18,40.93,662.24739999999997,"450045, г. Уфа, ПАО АНК \"Башнефть\" \"Башнефть-Новойл\""]
["Шайбы","ПАО АНК \"Башнефть\" \"Башнефть-Новойл\"",3,195,"Шайба А.12.01.08КП","КГ",110,96.55,10620.5,"450045, г. Уфа, ПАО АНК \"Башнефть\" \"Башнефть-Новойл\""]
["Шайбы","ПАО АНК \"Башнефть\" \"Башнефть-Новойл\"",3,196,"Шайба А.12.01.3","КГ",0.03,64.25,1.9275,"450045, г. Уфа, ПАО АНК \"Башнефть\" \"Башнефть-Новойл\""]
["Шайбы","ПАО АНК \"Башнефть\" \"Башнефть-Новойл\"",3,197,"Шайба А.16.02.3","КГ",4.5,74.7,336.15000000000003,"450045, г. Уфа, ПАО АНК \"Башнефть\" \"Башнефть-Новойл\""]
["Шайбы","ПАО АНК \"Башнефть\" \"Башнефть-Новойл\"",3,198,"Шайба А.16.02.3","КГ",0.77,73.150000000000006,56.325500000000005,"450045, г. Уфа, ПАО АНК \"Башнефть\" \"Башнефть-Новойл\""]
["Шайбы","ПАО АНК \"Башнефть\" \"Башнефть-Новойл\"",3,199,"Шайба А.16.04.20.019","КГ",0.78,56.92,44.397600000000004,"450045, г. Уфа, ПАО АНК \"Башнефть\" \"Башнефть-Новойл\""]
["Шайбы","ПАО АНК \"Башнефть\" \"Башнефть-Новойл\"",3,200,"Шайба А.20.01.35","КГ",1,163.28,163.28,"450045, г. Уфа, ПАО АНК \"Башнефть\" \"Башнефть-Новойл\""]
["Шайбы","ПАО АНК \"Башнефть\" \"Башнефть-Новойл\"",3,201,"Шайба А.6.04.20","КГ",0.9,180.85,162.76499999999999,"450045, г. Уфа, ПАО АНК \"Башнефть\" \"Башнефть-Новойл\""]
["Шайбы","ПАО АНК \"Башнефть\" \"Башнефть-Новойл\"",3,202,"Шайба А.6.04.20.019","КГ",275.7,43.7,12048.09,"450045, г. Уфа, ПАО АНК \"Башнефть\" \"Башнефть-Новойл\""]
["Шайбы","ПАО АНК \"Башнефть\" \"Башнефть-Новойл\"",3,203,"Шайба плоская 12.10кп ГОСТ 11371","КГ",134.9,83.16,11218.284,"450045, г. Уфа, ПАО АНК \"Башнефть\" \"Башнефть-Новойл\""]
["Шайбы","ПАО АНК \"Башнефть\" \"Башнефть-Новойл\"",3,204,"Шайба плоская 12.10кп ГОСТ 11371","КГ",2.5,83.16,207.89999999999998,"450045, г. Уфа, ПАО АНК \"Башнефть\" \"Башнефть-Новойл\""]
["Шайбы","ПАО АНК \"Башнефть\" \"Башнефть-Новойл\"",3,205,"Шайба плоская 12.10кп ГОСТ 11371","КГ",0.1,83.16,8.3160000000000007,"450045, г. Уфа, ПАО АНК \"Башнефть\" \"Башнефть-Новойл\""]
["Шайбы","ПАО АНК \"Башнефть\" \"Башнефть-Новойл\"",3,206,"Шайба плоская 12.12ХМ ОСТ 26-2042","ШТ",8,37.409999999999997,299.27999999999997,"450045, г. Уфа, ПАО АНК \"Башнефть\" \"Башнефть-Новойл\""]
["Шайбы","ПАО АНК \"Башнефть\" \"Башнефть-Новойл\"",3,207,"Шайба плоская 18.Ст3 оц. ГОСТ 11371","КГ",18.864999999999998,57.32,1081.3417999999999,"450045, г. Уфа, ПАО АНК \"Башнефть\" \"Башнефть-Новойл\""]
["Шайбы","ПАО АНК \"Башнефть\" \"Башнефть-Новойл\"",3,208,"Шайба плоская 4.Ст3 оц. ГОСТ 6958","КГ",0.3,123.49,37.046999999999997,"450045, г. Уфа, ПАО АНК \"Башнефть\" \"Башнефть-Новойл\""]
["Шайбы","ПАО АНК \"Башнефть\" \"Башнефть-Новойл\"",3,209,"Шайба плоская 5.Ст3 оц. ГОСТ 6958","КГ",0.5,123.5,61.75,"450045, г. Уфа, ПАО АНК \"Башнефть\" \"Башнефть-Новойл\""]
["Шайбы","ПАО АНК \"Башнефть\" \"Башнефть-Новойл\"",3,210,"Шайба плоская 6.12Х18Н10Т ГОСТ 11371","ШТ",60,10.98,658.80000000000007,"450045, г. Уфа, ПАО АНК \"Башнефть\" \"Башнефть-Новойл\""]
["Шайбы","ПАО АНК \"Башнефть\" \"Башнефть-Новойл\"",3,211,"Шайба плоская А.10.Ст1 оц.","КГ",31.1,64.459999999999994,2004.7059999999999,"450045, г. Уфа, ПАО АНК \"Башнефть\" \"Башнефть-Новойл\""]
["Шайбы","ПАО АНК \"Башнефть\" \"Башнефть-Новойл\"",3,212,"Шайба плоская А.10.Ст1 оц.","КГ",0.7,61.37,42.958999999999996,"450045, г. Уфа, ПАО АНК \"Башнефть\" \"Башнефть-Новойл\""]
["Шайбы","ПАО АНК \"Башнефть\" \"Башнефть-Новойл\"",3,213,"Шайба плоская А.20.Ст3","КГ",7.63,67.760000000000005,517.00880000000006,"450045, г. Уфа, ПАО АНК \"Башнефть\" \"Башнефть-Новойл\""]
["Шайбы","ПАО АНК \"Башнефть\" \"Башнефть-Новойл\"",3,214,"Шайба плоская А.30.Ст3сп","КГ",0.5,71.150000000000006,35.575000000000003,"450045, г. Уфа, ПАО АНК \"Башнефть\" \"Башнефть-Новойл\""]
["Шайбы","ПАО АНК \"Башнефть\" \"Башнефть-Новойл\"",3,215,"Шайба плоская А.6.Ст3 оц.","ШТ",16745.828000000001,7.0000000000000007E-2,1172.2079600000002,"450045, г. Уфа, ПАО АНК \"Башнефть\" \"Башнефть-Новойл\""]
["Шайбы","ПАО АНК \"Башнефть\" \"Башнефть-Новойл\"",3,216,"Шайба плоская А.6.Ст3 оц.","ШТ",391562.17200000002,0.08,31324.973760000001,"450045, г. Уфа, ПАО АНК \"Башнефть\" \"Башнефть-Новойл\""]
["Шайбы","ПАО АНК \"Башнефть\" \"Башнефть-Новойл\"",3,217,"Шайба плоская А.8.Ст3","КГ",10.050000000000001,43.33,435.4665,"450045, г. Уфа, ПАО АНК \"Башнефть\" \"Башнефть-Новойл\""]
["Шайбы","ПАО АНК \"Башнефть\" \"Башнефть-Новойл\"",3,218,"Шайба пружинная 10 65Г 019","КГ",2.5000000000000001E-2,162.13,4.0532500000000002,"450045, г. Уфа, ПАО АНК \"Башнефть\" \"Башнефть-Новойл\""]
["Шайбы","ПАО АНК \"Башнефть\" \"Башнефть-Новойл\"",3,219,"Шайба пружинная 10 65Г 019","КГ",2.5,162.13,405.32499999999999,"450045, г. Уфа, ПАО АНК \"Башнефть\" \"Башнефть-Новойл\""]
["Шайбы","ПАО АНК \"Башнефть\" \"Башнефть-Новойл\"",3,220,"Шайба пружинная 10 65Г 019","КГ",14,162.13,2269.8199999999997,"450045, г. Уфа, ПАО АНК \"Башнефть\" \"Башнефть-Новойл\""]
["Шайбы","ПАО АНК \"Башнефть\" \"Башнефть-Новойл\"",3,221,"Шайба пружинная 10 65Г 019","КГ",48,162.13,7782.24,"450045, г. Уфа, ПАО АНК \"Башнефть\" \"Башнефть-Новойл\""]
["Шайбы","ПАО АНК \"Башнефть\" \"Башнефть-Новойл\"",3,222,"Шайба пружинная 10 65Г 019","КГ",1,162.13,162.13,"450045, г. Уфа, ПАО АНК \"Башнефть\" \"Башнефть-Новойл\""]
["Шайбы","ПАО АНК \"Башнефть\" \"Башнефть-Новойл\"",3,223,"Шайба пружинная 12 65Г 029","КГ",41.99,110.99,4660.4701000000005,"450045, г. Уфа, ПАО АНК \"Башнефть\" \"Башнефть-Новойл\""]
["Шайбы","ПАО АНК \"Башнефть\" \"Башнефть-Новойл\"",3,224,"Шайба пружинная 12 65Г 029","КГ",2,381.67,763.34,"450045, г. Уфа, ПАО АНК \"Башнефть\" \"Башнефть-Новойл\""]
["Шайбы","ПАО АНК \"Башнефть\" \"Башнефть-Новойл\"",3,225,"Шайба пружинная 14.65Г оц. ГОСТ 6402","КГ",23.3,34.159999999999997,795.928,"450045, г. Уфа, ПАО АНК \"Башнефть\" \"Башнефть-Новойл\""]
["Шайбы","ПАО АНК \"Башнефть\" \"Башнефть-Новойл\"",3,226,"Шайба пружинная 18 65Г оц.","КГ",11,23.8,261.8,"450045, г. Уфа, ПАО АНК \"Башнефть\" \"Башнефть-Новойл\""]
["Шайбы","ПАО АНК \"Башнефть\" \"Башнефть-Новойл\"",3,227,"Шайба пружинная 22 65Г оц","КГ",16.3,23.75,387.125,"450045, г. Уфа, ПАО АНК \"Башнефть\" \"Башнефть-Новойл\""]
["Шайбы","ПАО АНК \"Башнефть\" \"Башнефть-Новойл\"",3,228,"Шайба пружинная 27 65Г","КГ",9.3699999999999992,23.86,223.56819999999996,"450045, г. Уфа, ПАО АНК \"Башнефть\" \"Башнефть-Новойл\""]
["Шайбы","ПАО АНК \"Башнефть\" \"Башнефть-Новойл\"",3,229,"Шайба пружинная 6 65Г 019","КГ",19.91,52.8,1051.248,"450045, г. Уфа, ПАО АНК \"Башнефть\" \"Башнефть-Новойл\""]
["Шайбы","ПАО АНК \"Башнефть\" \"Башнефть-Новойл\"",3,230,"Шайба пружинная 6 65Г 019","КГ",1,217.55,217.55,"450045, г. Уфа, ПАО АНК \"Башнефть\" \"Башнефть-Новойл\""]
["Шайбы","ПАО АНК \"Башнефть\" \"Башнефть-Новойл\"",3,231,"Шайба пружинная 6 65Г 019","КГ",1,52.8,52.8,"450045, г. Уфа, ПАО АНК \"Башнефть\" \"Башнефть-Новойл\""]
["Шайбы","ПАО АНК \"Башнефть\" \"Башнефть-Новойл\"",3,232,"Шайба 12.20","ШТ",28,0.89,24.92,"450045, г. Уфа, ПАО АНК \"Башнефть\" \"Башнефть-Новойл\""]
["Шайбы","ПАО АНК \"Башнефть\" \"Башнефть-Новойл\"",3,233,"Шайба 20.20.019","ШТ",4,3.36,13.44,"450045, г. Уфа, ПАО АНК \"Башнефть\" \"Башнефть-Новойл\""]
["Шайбы","ПАО АНК \"Башнефть\" \"Башнефть-Новойл\"",3,234,"Шайба 20.20.019","ШТ",25,3.36,84,"450045, г. Уфа, ПАО АНК \"Башнефть\" \"Башнефть-Новойл\""]
["Шайбы","ПАО АНК \"Башнефть\" \"Башнефть-Новойл\"",3,235,"Шайба А.10.01.08КП.016","КГ",10,96.1,961,"450045, г. Уфа, ПАО АНК \"Башнефть\" \"Башнефть-Новойл\""]
["Шайбы","ПАО АНК \"Башнефть\" \"Башнефть-Новойл\"",3,236,"Шайба А.16.04.20.019","КГ",0.5,56.92,28.46,"450045, г. Уфа, ПАО АНК \"Башнефть\" \"Башнефть-Новойл\""]
["Шайбы","ПАО АНК \"Башнефть\" \"Башнефть-Новойл\"",3,237,"Шайба плоская 12.10кп ГОСТ 11371","КГ",3.5000000000000003E-2,83.16,2.9106000000000001,"450045, г. Уфа, ПАО АНК \"Башнефть\" \"Башнефть-Новойл\""]
["Шайбы","ПАО АНК \"Башнефть\" \"Башнефть-Новойл\"",3,238,"Шайба плоская А.20.Ст3","КГ",1.8,67.760000000000005,{"$f":"G242*H242","v":121.96800000000002},"450045, г. Уфа, ПАО АНК \"Башнефть\" \"Башнефть-Новойл\""]
["Шайбы","ПАО АНК \"Башнефть\" \"Башнефть-Новойл\"",3,239,"Шайба плоская А.20.Ст3","КГ",0.02,67.760000000000005,1.3552000000000002,"450045, г. Уфа, ПАО АНК \"Башнефть\" \"Башнефть-Новойл\""]
["Шайбы","ПАО АНК \"Башнефть\" \"Башнефть-Новойл\"",3,240,"Шайба пружинная 10 65Г 019","КГ",1,162.13,162.13,"450045, г. Уфа, ПАО АНК \"Башнефть\" \"Башнефть-Новойл\""]
["Шайбы","ПАО АНК \"Башнефть\" \"Башнефть-Новойл\"",3,241,"Шайба пружинная 12 65Г 029","КГ",2,381.67,763.34,"450045, г. Уфа, ПАО АНК \"Башнефть\" \"Башнефть-Новойл\""]
["Шайбы","ПАО АНК \"Башнефть\" \"Башнефть-Новойл\"",3,242,"Шайба пружинная 18 65Г оц.","КГ",0.05,23.8,1.1900000000000002,"450045, г. Уфа, ПАО АНК \"Башнефть\" \"Башнефть-Новойл\""]
["Шайбы","ПАО АНК \"Башнефть\" \"Башнефть-Новойл\"",3,243,"Шайба пружинная 27 65Г","КГ",0.02,23.86,0.47720000000000001,"450045, г. Уфа, ПАО АНК \"Башнефть\" \"Башнефть-Новойл\""]
["Шайбы","ПАО АНК \"Башнефть\" \"Башнефть-Новойл\"",3,244,"Шайба пружинная 6 65Г 019","КГ",0.68,217.55,147.93400000000003,"450045, г. Уфа, ПАО АНК \"Башнефть\" \"Башнефть-Новойл\""]
["Анкерные болты  ГОСТ 24379.1","ПАО АНК \"Башнефть\" \"Башнефть-Новойл\"",4,245,"Болт 1.1 М16х600 ст20","ШТ",8,58.8,470.4,"450045, г. Уфа, ПАО АНК \"Башнефть\" \"Башнефть-Новойл\""]
["Анкерные болты  ГОСТ 24379.1","ПАО АНК \"Башнефть\" \"Башнефть-Новойл\"",4,246,"Болт 1.1.М20х600 Ст3сп","КМП",25,142.38,3559.5,"450045, г. Уфа, ПАО АНК \"Башнефть\" \"Башнефть-Новойл\""]
["Анкерные болты  ГОСТ 24379.1","ПАО АНК \"Башнефть\" \"Башнефть-Новойл\"",4,247,"Болт 1.1.М24х800 Ст3сп","КМП",328,132.30000000000001,43394.400000000001,"450045, г. Уфа, ПАО АНК \"Башнефть\" \"Башнефть-Новойл\""]
["Анкерные болты  ГОСТ 24379.1","ПАО АНК \"Башнефть\" \"Башнефть-Новойл\"",4,248,"Болт 5.1.М30х330 Ст3сп","КМП",32,393.64,12596.48,"450045, г. Уфа, ПАО АНК \"Башнефть\" \"Башнефть-Новойл\""]
["Анкерные болты  ГОСТ 24379.1","ПАО АНК \"Башнефть\" \"Башнефть-Новойл\"",4,249,"Болт 1.1 М12х300 ст3","ШТ",4,38.22,152.88,"450045, г. Уфа, ПАО АНК \"Башнефть\" \"Башнефть-Новойл\""]
["Анкерные болты  ГОСТ 24379.1","ПАО АНК \"Башнефть\" \"Башнефть-Новойл\"",4,250,"Болт 1.1 М12х300 ст3","ШТ",1,38.22,38.22,"450045, г. Уфа, ПАО АНК \"Башнефть\" \"Башнефть-Новойл\""]
["Анкерные болты  ГОСТ 24379.1","ПАО АНК \"Башнефть\" \"Башнефть-Новойл\"",4,251,"Болт 1.1 М16х400 ст3","ШТ",12,68.88,826.56,"450045, г. Уфа, ПАО АНК \"Башнефть\" \"Башнефть-Новойл\""]
["Анкерные болты  ГОСТ 24379.1","ПАО АНК \"Башнефть\" \"Башнефть-Новойл\"",4,252,"Болт 1.1 М16х400 ст3","ШТ",8,68.88,551.04,"450045, г. Уфа, ПАО АНК \"Башнефть\" \"Башнефть-Новойл\""]
["Анкерные болты  ГОСТ 24379.1","ПАО АНК \"Башнефть\" \"Башнефть-Новойл\"",4,253,"Болт 1.1 М16х500 ст3","ШТ",5,84,420,"450045, г. Уфа, ПАО АНК \"Башнефть\" \"Башнефть-Новойл\""]
["Анкерные болты  ГОСТ 24379.1","ПАО АНК \"Башнефть\" \"Башнефть-Новойл\"",4,254,"Болт 1.1 М16х500 ст3","ШТ",12,84,1008,"450045, г. Уфа, ПАО АНК \"Башнефть\" \"Башнефть-Новойл\""]
["Анкерные болты  ГОСТ 24379.1","ПАО АНК \"Башнефть\" \"Башнефть-Новойл\"",4,255,"Болт 1.1 М16х600 20 с/г с/ш ГОСТ 24379.1","ШТ",4,58.8,235.2,"450045, г. Уфа, ПАО АНК \"Башнефть\" \"Башнефть-Новойл\""]
["Анкерные болты  ГОСТ 24379.1","ПАО АНК \"Башнефть\" \"Башнефть-Новойл\"",4,256,"Болт 1.1 М16х600 ст20","ШТ",23,58.8,1352.3999999999999,"450045, г. Уфа, ПАО АНК \"Башнефть\" \"Башнефть-Новойл\""]
["Анкерные болты  ГОСТ 24379.1","ПАО АНК \"Башнефть\" \"Башнефть-Новойл\"",4,257,"Болт 1.1 М24х800 ст20","ШТ",54,243.18,13131.720000000001,"450045, г. Уфа, ПАО АНК \"Башнефть\" \"Башнефть-Новойл\""]
["Анкерные болты  ГОСТ 24379.1","ПАО АНК \"Башнефть\" \"Башнефть-Новойл\"",4,258,"Болт 1.1 М24х800 ст20","ШТ",4,243.18,972.72,"450045, г. Уфа, ПАО АНК \"Башнефть\" \"Башнефть-Новойл\""]
["Анкерные болты  ГОСТ 24379.1","ПАО АНК \"Башнефть\" \"Башнефть-Новойл\"",4,259,"Болт 1.1 М30х1120 ст20","ШТ",1,466.2,466.2,"450045, г. Уфа, ПАО АНК \"Башнефть\" \"Башнефть-Новойл\""]
["Анкерные болты  ГОСТ 24379.1","ПАО АНК \"Башнефть\" \"Башнефть-Новойл\"",4,260,"Болт 1.1.М12х300 Ст3кп2 с/г","КМП",37,38.22,1414.1399999999999,"450045, г. Уфа, ПАО АНК \"Башнефть\" \"Башнефть-Новойл\""]
["Анкерные болты  ГОСТ 24379.1","ПАО АНК \"Башнефть\" \"Башнефть-Новойл\"",4,261,"Болт 1.1.М12х300 Ст3кп2 с/г","КМП",11,38.22,420.41999999999996,"450045, г. Уфа, ПАО АНК \"Башнефть\" \"Башнефть-Новойл\""]
["Анкерные болты  ГОСТ 24379.1","ПАО АНК \"Башнефть\" \"Башнефть-Новойл\"",4,262,"Болт 1.1.М12х400 Ст3пс5 ГОСТ 24379.1","КМП",8,42.84,342.72,"450045, г. Уфа, ПАО АНК \"Башнефть\" \"Башнефть-Новойл\""]
["Анкерные болты  ГОСТ 24379.1","ПАО АНК \"Башнефть\" \"Башнефть-Новойл\"",4,263,"Болт 1.1.М12х400 Ст3пс5 ГОСТ 24379.1","КМП",2,42.84,85.68,"450045, г. Уфа, ПАО АНК \"Башнефть\" \"Башнефть-Новойл\""]
["Анкерные болты  ГОСТ 24379.1","ПАО АНК \"Башнефть\" \"Башнефть-Новойл\"",4,264,"Болт 1.1.М12х500 ст20","ШТ",4,66.36,265.44,"450045, г. Уфа, ПАО АНК \"Башнефть\" \"Башнефть-Новойл\""]
["Анкерные болты  ГОСТ 24379.1","ПАО АНК \"Башнефть\" \"Башнефть-Новойл\"",4,265,"Болт 1.1.М12х600 Ст3сп","КМП",2,52.5,105,"450045, г. Уфа, ПАО АНК \"Башнефть\" \"Башнефть-Новойл\""]
["Анкерные болты  ГОСТ 24379.1","ПАО АНК \"Башнефть\" \"Башнефть-Новойл\"",4,266,"Болт 1.1.М12х600 Ст3сп","КМП",6,52.5,315,"450045, г. Уфа, ПАО АНК \"Башнефть\" \"Башнефть-Новойл\""]
["Анкерные болты  ГОСТ 24379.1","ПАО АНК \"Башнефть\" \"Башнефть-Новойл\"",4,267,"Болт 1.1.М12х600 Ст3сп","КМП",12,52.5,630,"450045, г. Уфа, ПАО АНК \"Башнефть\" \"Башнефть-Новойл\""]
["Анкерные болты  ГОСТ 24379.1","ПАО АНК \"Башнефть\" \"Башнефть-Новойл\"",4,268,"Болт 1.1.М12х600 Ст3сп","КМП",5,52.5,262.5,"450045, г. Уфа, ПАО АНК \"Башнефть\" \"Башнефть-Новойл\""]
["Анкерные болты  ГОСТ 24379.1","ПАО АНК \"Башнефть\" \"Башнефть-Новойл\"",4,269,"Болт 1.1.М16х140 Ст3сп ГОСТ 24379.1","ШТ",17,4.37,74.290000000000006,"450045, г. Уфа, ПАО АНК \"Башнефть\" \"Башнефть-Новойл\""]
["Анкерные болты  ГОСТ 24379.1","ПАО АНК \"Башнефть\" \"Башнефть-Новойл\"",4,270,"Болт 1.1.М16х150 ст3сп","ШТ",4,26.04,104.16,"450045, г. Уфа, ПАО АНК \"Башнефть\" \"Башнефть-Новойл\""]
["Анкерные болты  ГОСТ 24379.1","ПАО АНК \"Башнефть\" \"Башнефть-Новойл\"",4,271,"Болт 1.1.М16х150 ст3сп","ШТ",20,26.04,520.79999999999995,"450045, г. Уфа, ПАО АНК \"Башнефть\" \"Башнефть-Новойл\""]
["Анкерные болты  ГОСТ 24379.1","ПАО АНК \"Башнефть\" \"Башнефть-Новойл\"",4,272,"Болт 1.1.М16х150 ст3сп","ШТ",12,26.04,312.48,"450045, г. Уфа, ПАО АНК \"Башнефть\" \"Башнефть-Новойл\""]
["Анкерные болты  ГОСТ 24379.1","ПАО АНК \"Башнефть\" \"Башнефть-Новойл\"",4,273,"Болт 1.1.М16х500 Ст3кп2","КМП",2,84,168,"450045, г. Уфа, ПАО АНК \"Башнефть\" \"Башнефть-Новойл\""]
["Анкерные болты  ГОСТ 24379.1","ПАО АНК \"Башнефть\" \"Башнефть-Новойл\"",4,274,"Болт 1.1.М16х500 Ст3сп2 с/г","КМП",4,84,336,"450045, г. Уфа, ПАО АНК \"Башнефть\" \"Башнефть-Новойл\""]
["Анкерные болты  ГОСТ 24379.1","ПАО АНК \"Башнефть\" \"Башнефть-Новойл\"",4,275,"Болт 1.1.М16х600 Ст3сп с/г","КМП",1,58.8,58.8,"450045, г. Уфа, ПАО АНК \"Башнефть\" \"Башнефть-Новойл\""]
["Анкерные болты  ГОСТ 24379.1","ПАО АНК \"Башнефть\" \"Башнефть-Новойл\"",4,276,"Болт 1.1.М16х600 Ст3сп с/г","КМП",8,58.8,470.4,"450045, г. Уфа, ПАО АНК \"Башнефть\" \"Башнефть-Новойл\""]
["Анкерные болты  ГОСТ 24379.1","ПАО АНК \"Башнефть\" \"Башнефть-Новойл\"",4,277,"Болт 1.1.М16х710 Ст3пс2 ГОСТ 24379.1","КМП",4,105,420,"450045, г. Уфа, ПАО АНК \"Башнефть\" \"Башнефть-Новойл\""]
["Анкерные болты  ГОСТ 24379.1","ПАО АНК \"Башнефть\" \"Башнефть-Новойл\"",4,278,"Болт 1.1.М16х800 Вст3пс2","КМП",4,115.08,460.32,"450045, г. Уфа, ПАО АНК \"Башнефть\" \"Башнефть-Новойл\""]
["Анкерные болты  ГОСТ 24379.1","ПАО АНК \"Башнефть\" \"Башнефть-Новойл\"",4,279,"Болт 1.1.М16х900 Ст3сп ГОСТ 24379.1","КМП",4,126.42,505.68,"450045, г. Уфа, ПАО АНК \"Башнефть\" \"Башнефть-Новойл\""]
["Анкерные болты  ГОСТ 24379.1","ПАО АНК \"Башнефть\" \"Башнефть-Новойл\"",4,280,"Болт 1.1.М20х300 Ст3сп","КМП",16,41.58,665.28,"450045, г. Уфа, ПАО АНК \"Башнефть\" \"Башнефть-Новойл\""]
["Анкерные болты  ГОСТ 24379.1","ПАО АНК \"Башнефть\" \"Башнефть-Новойл\"",4,281,"Болт 1.1.М20х300 Ст3сп","КМП",16,41.58,665.28,"450045, г. Уфа, ПАО АНК \"Башнефть\" \"Башнефть-Новойл\""]
["Анкерные болты  ГОСТ 24379.1","ПАО АНК \"Башнефть\" \"Башнефть-Новойл\"",4,282,"Болт 1.1.М20х580 Ст3сп","КМП",26,142.38,3701.88,"450045, г. Уфа, ПАО АНК \"Башнефть\" \"Башнефть-Новойл\""]
["Анкерные болты  ГОСТ 24379.1","ПАО АНК \"Башнефть\" \"Башнефть-Новойл\"",4,283,"Болт 1.1.М20х600 Ст3пс2 с гайкой","КМП",4,142.38,569.52,"450045, г. Уфа, ПАО АНК \"Башнефть\" \"Башнефть-Новойл\""]
["Анкерные болты  ГОСТ 24379.1","ПАО АНК \"Башнефть\" \"Башнефть-Новойл\"",4,284,"Болт 1.1.М20х600 Ст3пс2 с гайкой","КМП",2,142.38,284.76,"450045, г. Уфа, ПАО АНК \"Башнефть\" \"Башнефть-Новойл\""]
["Анкерные болты  ГОСТ 24379.1","ПАО АНК \"Башнефть\" \"Башнефть-Новойл\"",4,285,"Болт 1.1.М20х600 Ст3пс2 с гайкой","КМП",12,142.38,1708.56,"450045, г. Уфа, ПАО АНК \"Башнефть\" \"Башнефть-Новойл\""]
["Анкерные болты  ГОСТ 24379.1","ПАО АНК \"Башнефть\" \"Башнефть-Новойл\"",4,286,"Болт 1.1.М20х600 Ст3пс2 с гайкой","КМП",4,142.38,569.52,"450045, г. Уфа, ПАО АНК \"Башнефть\" \"Башнефть-Новойл\""]
["Анкерные болты  ГОСТ 24379.1","ПАО АНК \"Башнефть\" \"Башнефть-Новойл\"",4,287,"Болт 1.1.М20х600 Ст3сп","КМП",48,142.38,6834.24,"450045, г. Уфа, ПАО АНК \"Башнефть\" \"Башнефть-Новойл\""]
["Анкерные болты  ГОСТ 24379.1","ПАО АНК \"Башнефть\" \"Башнефть-Новойл\"",4,288,"Болт 1.1.М20х600 Ст3сп","КМП",1,142.38,142.38,"450045, г. Уфа, ПАО АНК \"Башнефть\" \"Башнефть-Новойл\""]
["Анкерные болты  ГОСТ 24379.1","ПАО АНК \"Башнефть\" \"Башнефть-Новойл\"",4,289,"Болт 1.1.М20х600 Ст3сп","КМП",30,142.38,4271.3999999999996,"450045, г. Уфа, ПАО АНК \"Башнефть\" \"Башнефть-Новойл\""]
["Анкерные болты  ГОСТ 24379.1","ПАО АНК \"Башнефть\" \"Башнефть-Новойл\"",4,290,"Болт 1.1.М20х800 20","КМП",12,184.8,2217.6000000000004,"450045, г. Уфа, ПАО АНК \"Башнефть\" \"Башнефть-Новойл\""]
["Анкерные болты  ГОСТ 24379.1","ПАО АНК \"Башнефть\" \"Башнефть-Новойл\"",4,291,"Болт 1.1.М20х800 20","КМП",8,184.8,1478.4,"450045, г. Уфа, ПАО АНК \"Башнефть\" \"Башнефть-Новойл\""]
["Анкерные болты  ГОСТ 24379.1","ПАО АНК \"Башнефть\" \"Башнефть-Новойл\"",4,292,"Болт 1.1.М20х900 Ст3кп2","КМП",12,200.76,2409.12,"450045, г. Уфа, ПАО АНК \"Башнефть\" \"Башнефть-Новойл\""]
["Анкерные болты  ГОСТ 24379.1","ПАО АНК \"Башнефть\" \"Башнефть-Новойл\"",4,293,"Болт 1.1.М24х1000 ВСт3пс2","КМП",26,170.94,4444.4399999999996,"450045, г. Уфа, ПАО АНК \"Башнефть\" \"Башнефть-Новойл\""]
["Анкерные болты  ГОСТ 24379.1","ПАО АНК \"Башнефть\" \"Башнефть-Новойл\"",4,294,"Болт 1.1.М24х1000 Ст3сп","КМП",25,170.94,4273.5,"450045, г. Уфа, ПАО АНК \"Башнефть\" \"Башнефть-Новойл\""]
["Анкерные болты  ГОСТ 24379.1","ПАО АНК \"Башнефть\" \"Башнефть-Новойл\"",4,295,"Болт 1.1.М24х1000 Ст3сп2","КМП",8,170.94,1367.52,"450045, г. Уфа, ПАО АНК \"Башнефть\" \"Башнефть-Новойл\""]
["Анкерные болты  ГОСТ 24379.1","ПАО АНК \"Башнефть\" \"Башнефть-Новойл\"",4,296,"Болт 1.1.М24х1050 Ст3сп","КМП",16,405.58,6489.28,"450045, г. Уфа, ПАО АНК \"Башнефть\" \"Башнефть-Новойл\""]
["Анкерные болты  ГОСТ 24379.1","ПАО АНК \"Башнефть\" \"Башнефть-Новойл\"",4,297,"Болт 1.1.М24х400 20 ГОСТ 24379.1","КМП",2,150.77000000000001,301.54000000000002,"450045, г. Уфа, ПАО АНК \"Башнефть\" \"Башнефть-Новойл\""]
["Анкерные болты  ГОСТ 24379.1","ПАО АНК \"Башнефть\" \"Башнефть-Новойл\"",4,298,"Болт 1.1.М24х710 Ст3кп2","КМП",6,120.12,720.72,"450045, г. Уфа, ПАО АНК \"Башнефть\" \"Башнефть-Новойл\""]
["Анкерные болты  ГОСТ 24379.1","ПАО АНК \"Башнефть\" \"Башнефть-Новойл\"",4,299,"Болт 1.1.М24х710 Ст3пс","КМП",70,120.12,8408.4,"450045, г. Уфа, ПАО АНК \"Башнефть\" \"Башнефть-Новойл\""]
["Анкерные болты  ГОСТ 24379.1","ПАО АНК \"Башнефть\" \"Башнефть-Новойл\"",4,300,"Болт 1.1.М24х710 ст3пс2","ШТ",12,120.12,1441.44,"450045, г. Уфа, ПАО АНК \"Башнефть\" \"Башнефть-Новойл\""]
["Анкерные болты  ГОСТ 24379.1","ПАО АНК \"Башнефть\" \"Башнефть-Новойл\"",4,301,"Болт 1.1.М24х710 ст3пс2","ШТ",48,120.12,5765.76,"450045, г. Уфа, ПАО АНК \"Башнефть\" \"Башнефть-Новойл\""]
["Анкерные болты  ГОСТ 24379.1","ПАО АНК \"Башнефть\" \"Башнефть-Новойл\"",4,302,"Болт 1.1.М24х710 Ст3сп","КМП",2,120.12,{"$f":"G306*H306","v":240.24},"450045, г. Уфа, ПАО АНК \"Башнефть\" \"Башнефть-Новойл\""]
["Анкерные болты  ГОСТ 24379.1","ПАО АНК \"Башнефть\" \"Башнефть-Новойл\"",4,303,"Болт 1.1.М24х710 Ст3сп","КМП",10,120.12,1201.2,"450045, г. Уфа, ПАО АНК \"Башнефть\" \"Башнефть-Новойл\""]
["Анкерные болты  ГОСТ 24379.1","ПАО АНК \"Башнефть\" \"Башнефть-Новойл\"",4,304,"Болт 1.1.М24х710 Ст3сп","КМП",60,120.12,7207.2000000000007,"450045, г. Уфа, ПАО АНК \"Башнефть\" \"Башнефть-Новойл\""]
["Анкерные болты  ГОСТ 24379.1","ПАО АНК \"Башнефть\" \"Башнефть-Новойл\"",4,305,"Болт 1.1.М24х710 Ст3сп","КМП",12,120.12,1441.44,"450045, г. Уфа, ПАО АНК \"Башнефть\" \"Башнефть-Новойл\""]
["Анкерные болты  ГОСТ 24379.1","ПАО АНК \"Башнефть\" \"Башнефть-Новойл\"",4,306,"Болт 1.1.М24х710 Ст3сп","КМП",40,120.12,4804.8,"450045, г. Уфа, ПАО АНК \"Башнефть\" \"Башнефть-Новойл\""]
["Анкерные болты  ГОСТ 24379.1","ПАО АНК \"Башнефть\" \"Башнефть-Новойл\"",4,307,"Болт 1.1.М24х710 Ст3сп","КМП",92,120.12,11051.04,"450045, г. Уфа, ПАО АНК \"Башнефть\" \"Башнефть-Новойл\""]
["Анкерные болты  ГОСТ 24379.1","ПАО АНК \"Башнефть\" \"Башнефть-Новойл\"",4,308,"Болт 1.1.М24х720 Ст3сп","КМП",2,173.84,347.68,"450045, г. Уфа, ПАО АНК \"Башнефть\" \"Башнефть-Новойл\""]
["Анкерные болты  ГОСТ 24379.1","ПАО АНК \"Башнефть\" \"Башнефть-Новойл\"",4,309,"Болт 1.1.М24х800 Ст3пс","КМП",46,132.30000000000001,6085.8,"450045, г. Уфа, ПАО АНК \"Башнефть\" \"Башнефть-Новойл\""]
["Анкерные болты  ГОСТ 24379.1","ПАО АНК \"Башнефть\" \"Башнефть-Новойл\"",4,310,"Болт 1.1.М24х800 Ст3пс","КМП",16,132.30000000000001,2116.8000000000002,"450045, г. Уфа, ПАО АНК \"Башнефть\" \"Башнефть-Новойл\""]
["Анкерные болты  ГОСТ 24379.1","ПАО АНК \"Башнефть\" \"Башнефть-Новойл\"",4,311,"Болт 1.1.М24х800 Ст3пс","КМП",48,132.30000000000001,6350.4000000000005,"450045, г. Уфа, ПАО АНК \"Башнефть\" \"Башнефть-Новойл\""]
["Анкерные болты  ГОСТ 24379.1","ПАО АНК \"Башнефть\" \"Башнефть-Новойл\"",4,312,"Болт 1.1.М24х800 Ст3сп","КМП",20,132.30000000000001,2646,"450045, г. Уфа, ПАО АНК \"Башнефть\" \"Башнефть-Новойл\""]
["Анкерные болты  ГОСТ 24379.1","ПАО АНК \"Башнефть\" \"Башнефть-Новойл\"",4,313,"Болт 1.1.М24х800 Ст3сп","КМП",298,132.30000000000001,39425.4,"450045, г. Уфа, ПАО АНК \"Башнефть\" \"Башнефть-Новойл\""]
["Анкерные болты  ГОСТ 24379.1","ПАО АНК \"Башнефть\" \"Башнефть-Новойл\"",4,314,"Болт 1.1.М24х800 Ст3сп","КМП",3,132.30000000000001,396.90000000000003,"450045, г. Уфа, ПАО АНК \"Башнефть\" \"Башнефть-Новойл\""]
["Анкерные болты  ГОСТ 24379.1","ПАО АНК \"Башнефть\" \"Башнефть-Новойл\"",4,315,"Болт 1.1.М24х870 Ст3сп с/г с/ш","КМП",8,219.91,1759.28,"450045, г. Уфа, ПАО АНК \"Башнефть\" \"Башнефть-Новойл\""]
["Анкерные болты  ГОСТ 24379.1","ПАО АНК \"Башнефть\" \"Башнефть-Новойл\"",4,316,"Болт 1.1.М24х900 20 с гайкой","КМП",4,277.57,1110.28,"450045, г. Уфа, ПАО АНК \"Башнефть\" \"Башнефть-Новойл\""]
["Анкерные болты  ГОСТ 24379.1","ПАО АНК \"Башнефть\" \"Башнефть-Новойл\"",4,317,"Болт 1.1.М30х400 Ст3пс2","КМП",8,229.16,1833.28,"450045, г. Уфа, ПАО АНК \"Башнефть\" \"Башнефть-Новойл\""]
["Анкерные болты  ГОСТ 24379.1","ПАО АНК \"Башнефть\" \"Башнефть-Новойл\"",4,318,"Болт 1.1.М30х800 Ст3пс2","КМП",8,385.22,3081.76,"450045, г. Уфа, ПАО АНК \"Башнефть\" \"Башнефть-Новойл\""]
["Анкерные болты  ГОСТ 24379.1","ПАО АНК \"Башнефть\" \"Башнефть-Новойл\"",4,319,"Болт 1.1.М30х800 Ст3пс2","КМП",2,315.74,631.48,"450045, г. Уфа, ПАО АНК \"Башнефть\" \"Башнефть-Новойл\""]
["Анкерные болты  ГОСТ 24379.1","ПАО АНК \"Башнефть\" \"Башнефть-Новойл\"",4,320,"Болт 1.1.М30х900 Ст3сп","КМП",23,440.47,10130.810000000001,"450045, г. Уфа, ПАО АНК \"Башнефть\" \"Башнефть-Новойл\""]
["Анкерные болты  ГОСТ 24379.1","ПАО АНК \"Башнефть\" \"Башнефть-Новойл\"",4,321,"Болт 1.1.М36х1120 Ст3пс2","КМП",24,753.52,18084.48,"450045, г. Уфа, ПАО АНК \"Башнефть\" \"Башнефть-Новойл\""]
["Анкерные болты  ГОСТ 24379.1","ПАО АНК \"Башнефть\" \"Башнефть-Новойл\"",4,322,"Болт 1.1.М36х1120 Ст3сп","КМП",2,731.39,1462.78,"450045, г. Уфа, ПАО АНК \"Башнефть\" \"Башнефть-Новойл\""]
["Анкерные болты  ГОСТ 24379.1","ПАО АНК \"Башнефть\" \"Башнефть-Новойл\"",4,323,"Болт 1.1.М36х1250 Ст3пс2","КМП",10,665.3,6653,"450045, г. Уфа, ПАО АНК \"Башнефть\" \"Башнефть-Новойл\""]
["Анкерные болты  ГОСТ 24379.1","ПАО АНК \"Башнефть\" \"Башнефть-Новойл\"",4,324,"Болт 1.1.М36х1320 Ст3пс2","КМП",16,694.68,11114.88,"450045, г. Уфа, ПАО АНК \"Башнефть\" \"Башнефть-Новойл\""]
["Анкерные болты  ГОСТ 24379.1","ПАО АНК \"Башнефть\" \"Башнефть-Новойл\"",4,325,"Болт 1.1.М36х1500 Ст3пс2","КМП",16,966.61,15465.76,"450045, г. Уфа, ПАО АНК \"Башнефть\" \"Башнефть-Новойл\""]
["Анкерные болты  ГОСТ 24379.1","ПАО АНК \"Башнефть\" \"Башнефть-Новойл\"",4,326,"Болт 1.1.М36х1600 Ст3сп ГОСТ 24379.1","КМП",1,583.23,583.23,"450045, г. Уфа, ПАО АНК \"Башнефть\" \"Башнефть-Новойл\""]
["Анкерные болты  ГОСТ 24379.1","ПАО АНК \"Башнефть\" \"Башнефть-Новойл\"",4,327,"Болт 1.1.М36х1700 Ст3кп2","КМП",6,859.74,5158.4400000000005,"450045, г. Уфа, ПАО АНК \"Башнефть\" \"Башнефть-Новойл\""]
["Анкерные болты  ГОСТ 24379.1","ПАО АНК \"Башнефть\" \"Башнефть-Новойл\"",4,328,"Болт 1.1.М56х1740 09Г2С","КМП",16,3895.66,62330.559999999998,"450045, г. Уфа, ПАО АНК \"Башнефть\" \"Башнефть-Новойл\""]
["Анкерные болты  ГОСТ 24379.1","ПАО АНК \"Башнефть\" \"Башнефть-Новойл\"",4,329,"Болт 1.1М16Х600 ст09Г2С","ШТ",2,105.47,210.94,"450045, г. Уфа, ПАО АНК \"Башнефть\" \"Башнефть-Новойл\""]
["Анкерные болты  ГОСТ 24379.1","ПАО АНК \"Башнефть\" \"Башнефть-Новойл\"",4,330,"Болт 1.1М16Х600 ст09Г2С","ШТ",76,81.25,6175,"450045, г. Уфа, ПАО АНК \"Башнефть\" \"Башнефть-Новойл\""]
["Анкерные болты  ГОСТ 24379.1","ПАО АНК \"Башнефть\" \"Башнефть-Новойл\"",4,331,"Болт 1.1М24Х800 ст09Г2С","ШТ",16,207.64,3322.24,"450045, г. Уфа, ПАО АНК \"Башнефть\" \"Башнефть-Новойл\""]
["Анкерные болты  ГОСТ 24379.1","ПАО АНК \"Башнефть\" \"Башнефть-Новойл\"",4,332,"Болт 1.1М36Х1800 ст09Г2С","ШТ",4,1138.06,4552.24,"450045, г. Уфа, ПАО АНК \"Башнефть\" \"Башнефть-Новойл\""]
["Анкерные болты  ГОСТ 24379.1","ПАО АНК \"Башнефть\" \"Башнефть-Новойл\"",4,333,"Болт 1.2.М16х400 Ст3пс2 с/г","КМП",12,67.02,804.24,"450045, г. Уфа, ПАО АНК \"Башнефть\" \"Башнефть-Новойл\""]
["Анкерные болты  ГОСТ 24379.1","ПАО АНК \"Башнефть\" \"Башнефть-Новойл\"",4,334,"Болт 1.2.М16х400 Ст3сп ГОСТ 24379.1","КМП",8,89.45,715.6,"450045, г. Уфа, ПАО АНК \"Башнефть\" \"Башнефть-Новойл\""]
["Анкерные болты  ГОСТ 24379.1","ПАО АНК \"Башнефть\" \"Башнефть-Новойл\"",4,335,"Болт 1.2.М20х400 Ст3сп","КМП",16,99.35,1589.6,"450045, г. Уфа, ПАО АНК \"Башнефть\" \"Башнефть-Новойл\""]
["Анкерные болты  ГОСТ 24379.1","ПАО АНК \"Башнефть\" \"Башнефть-Новойл\"",4,336,"Болт 1.2.М20х500 Ст3сп","КМП",10,162.80000000000001,1628,"450045, г. Уфа, ПАО АНК \"Башнефть\" \"Башнефть-Новойл\""]
["Анкерные болты  ГОСТ 24379.1","ПАО АНК \"Башнефть\" \"Башнефть-Новойл\"",4,337,"Болт 1.2.М20х600 20","КМП",20,186.88,3737.6,"450045, г. Уфа, ПАО АНК \"Башнефть\" \"Башнефть-Новойл\""]
["Анкерные болты  ГОСТ 24379.1","ПАО АНК \"Башнефть\" \"Башнефть-Новойл\"",4,338,"Болт 1.2.М20х800 Ст3кп2","КМП",12,177.14,2125.6799999999998,"450045, г. Уфа, ПАО АНК \"Башнефть\" \"Башнефть-Новойл\""]
["Анкерные болты  ГОСТ 24379.1","ПАО АНК \"Башнефть\" \"Башнефть-Новойл\"",4,339,"Болт 1.2.М24х710 ст20","КМП",2,190.78,381.56,"450045, г. Уфа, ПАО АНК \"Башнефть\" \"Башнефть-Новойл\""]
["Анкерные болты  ГОСТ 24379.1","ПАО АНК \"Башнефть\" \"Башнефть-Новойл\"",4,340,"Болт 1.2.М24х710 Ст3пс2","КМП",16,308.39,4934.24,"450045, г. Уфа, ПАО АНК \"Башнефть\" \"Башнефть-Новойл\""]
["Анкерные болты  ГОСТ 24379.1","ПАО АНК \"Башнефть\" \"Башнефть-Новойл\"",4,341,"Болт 1.2.М24х750 Ст3сп5","КМП",4,292.52,1170.08,"450045, г. Уфа, ПАО АНК \"Башнефть\" \"Башнефть-Новойл\""]
["Анкерные болты  ГОСТ 24379.1","ПАО АНК \"Башнефть\" \"Башнефть-Новойл\"",4,342,"Болт 2.1.М20х400 Ст3пс2","КМП",16,191.12,3057.92,"450045, г. Уфа, ПАО АНК \"Башнефть\" \"Башнефть-Новойл\""]
["Анкерные болты  ГОСТ 24379.1","ПАО АНК \"Башнефть\" \"Башнефть-Новойл\"",4,343,"Болт 2.1.М30х1000 Ст3пс2","КМП",4,608.04999999999995,2432.1999999999998,"450045, г. Уфа, ПАО АНК \"Башнефть\" \"Башнефть-Новойл\""]
["Анкерные болты  ГОСТ 24379.1","ПАО АНК \"Башнефть\" \"Башнефть-Новойл\"",4,344,"Болт 2.1.М36х1700 Ст3сп","КМП",6,884.68,5308.08,"450045, г. Уфа, ПАО АНК \"Башнефть\" \"Башнефть-Новойл\""]
["Анкерные болты  ГОСТ 24379.1","ПАО АНК \"Башнефть\" \"Башнефть-Новойл\"",4,345,"Болт 3.1.М16х660 20 ГОСТ 24379.1","КМП",2,95.52,191.04,"450045, г. Уфа, ПАО АНК \"Башнефть\" \"Башнефть-Новойл\""]
["Анкерные болты  ГОСТ 24379.1","ПАО АНК \"Башнефть\" \"Башнефть-Новойл\"",4,346,"Болт 3.1.М18х670.80 20 ГОСТ 24379.1","КМП",4,118.36,473.44,"450045, г. Уфа, ПАО АНК \"Башнефть\" \"Башнефть-Новойл\""]
["Анкерные болты  ГОСТ 24379.1","ПАО АНК \"Башнефть\" \"Башнефть-Новойл\"",4,347,"Болт 3.1.М24х600 Ст3пс","КМП",8,311.47000000000003,2491.7600000000002,"450045, г. Уфа, ПАО АНК \"Башнефть\" \"Башнефть-Новойл\""]
["Анкерные болты  ГОСТ 24379.1","ПАО АНК \"Башнефть\" \"Башнефть-Новойл\"",4,348,"Болт 3.1.М30х700 Ст3сп","КМП",2,517.5,1035,"450045, г. Уфа, ПАО АНК \"Башнефть\" \"Башнефть-Новойл\""]
["Анкерные болты  ГОСТ 24379.1","ПАО АНК \"Башнефть\" \"Башнефть-Новойл\"",4,349,"Болт 5.1.М10х85 40Х оц. ГОСТ 7805","КГ",525,370.12,194313,"450045, г. Уфа, ПАО АНК \"Башнефть\" \"Башнефть-Новойл\""]
["Анкерные болты  ГОСТ 24379.1","ПАО АНК \"Башнефть\" \"Башнефть-Новойл\"",4,350,"Болт 5.1.М10х85 40Х оц. ГОСТ 7805","КГ",1450,371.02,537979,"450045, г. Уфа, ПАО АНК \"Башнефть\" \"Башнефть-Новойл\""]
["Анкерные болты  ГОСТ 24379.1","ПАО АНК \"Башнефть\" \"Башнефть-Новойл\"",4,351,"Болт 5.1.М12х150 Ст3пс2","КМП",2,29.8,59.6,"450045, г. Уфа, ПАО АНК \"Башнефть\" \"Башнефть-Новойл\""]
["Анкерные болты  ГОСТ 24379.1","ПАО АНК \"Башнефть\" \"Башнефть-Новойл\"",4,352,"Болт 5.1.М12х200 Ст3пс2","КМП",54,38.47,2077.38,"450045, г. Уфа, ПАО АНК \"Башнефть\" \"Башнефть-Новойл\""]
["Анкерные болты  ГОСТ 24379.1","ПАО АНК \"Башнефть\" \"Башнефть-Новойл\"",4,353,"Болт 5.1.М12х250 Ст3сп","КМП",32,25.97,831.04,"450045, г. Уфа, ПАО АНК \"Башнефть\" \"Башнефть-Новойл\""]
["Анкерные болты  ГОСТ 24379.1","ПАО АНК \"Башнефть\" \"Башнефть-Новойл\"",4,354,"Болт 5.1.М16х250 Ст3сп","КМП",24,67.55,1621.1999999999998,"450045, г. Уфа, ПАО АНК \"Башнефть\" \"Башнефть-Новойл\""]
["Анкерные болты  ГОСТ 24379.1","ПАО АНК \"Башнефть\" \"Башнефть-Новойл\"",4,355,"Болт 5.1.М16х500 Ст3пс2","КМП",24,154.21,3701.04,"450045, г. Уфа, ПАО АНК \"Башнефть\" \"Башнефть-Новойл\""]
["Анкерные болты  ГОСТ 24379.1","ПАО АНК \"Башнефть\" \"Башнефть-Новойл\"",4,356,"Болт 5.1.М20х810 Ст3пс2","КМП",8,131.46,1051.68,"450045, г. Уфа, ПАО АНК \"Башнефть\" \"Башнефть-Новойл\""]
["Анкерные болты  ГОСТ 24379.1","ПАО АНК \"Башнефть\" \"Башнефть-Новойл\"",4,357,"Болт 5.1.М24х500 20","КМП",35,169.33,5926.55,"450045, г. Уфа, ПАО АНК \"Башнефть\" \"Башнефть-Новойл\""]
["Анкерные болты  ГОСТ 24379.1","ПАО АНК \"Башнефть\" \"Башнефть-Новойл\"",4,358,"Болт 5.1.М24х600 20","КМП",102,184.32,18800.64,"450045, г. Уфа, ПАО АНК \"Башнефть\" \"Башнефть-Новойл\""]
["Анкерные болты  ГОСТ 24379.1","ПАО АНК \"Башнефть\" \"Башнефть-Новойл\"",4,359,"Болт 5.1.М30х300 20","КМП",9,212.3,1910.7,"450045, г. Уфа, ПАО АНК \"Башнефть\" \"Башнефть-Новойл\""]
["Анкерные болты  ГОСТ 24379.1","ПАО АНК \"Башнефть\" \"Башнефть-Новойл\"",4,360,"Болт 5.1.М30х300 20","КМП",32,165.04,5281.28,"450045, г. Уфа, ПАО АНК \"Башнефть\" \"Башнефть-Новойл\""]
["Анкерные болты  ГОСТ 24379.1","ПАО АНК \"Башнефть\" \"Башнефть-Новойл\"",4,361,"Болт 5.1.М30х330 Ст3сп","КМП",16,393.64,6298.24,"450045, г. Уфа, ПАО АНК \"Башнефть\" \"Башнефть-Новойл\""]
["Анкерные болты  ГОСТ 24379.1","ПАО АНК \"Башнефть\" \"Башнефть-Новойл\"",4,362,"Болт 5.1.М30х400 20","КМП",18,236.77,4261.8600000000006,"450045, г. Уфа, ПАО АНК \"Башнефть\" \"Башнефть-Новойл\""]
["Анкерные болты  ГОСТ 24379.1","ПАО АНК \"Башнефть\" \"Башнефть-Новойл\"",4,363,"Болт 5.1.М30х500 20","КМП",2,202.56,405.12,"450045, г. Уфа, ПАО АНК \"Башнефть\" \"Башнефть-Новойл\""]
["Анкерные болты  ГОСТ 24379.1","ПАО АНК \"Башнефть\" \"Башнефть-Новойл\"",4,364,"Болт 5.1.М30х500 20","КМП",161,203.14,32705.539999999997,"450045, г. Уфа, ПАО АНК \"Башнефть\" \"Башнефть-Новойл\""]
["Анкерные болты  ГОСТ 24379.1","ПАО АНК \"Башнефть\" \"Башнефть-Новойл\"",4,365,"Болт 5.1.М36х1400 Ст3сп","КМП",14,637.91999999999996,8930.8799999999992,"450045, г. Уфа, ПАО АНК \"Башнефть\" \"Башнефть-Новойл\""]
["Анкерные болты  ГОСТ 24379.1","ПАО АНК \"Башнефть\" \"Башнефть-Новойл\"",4,366,"Болт 5.1.М36х1400 Ст3сп2 б/к","ШТ",6,799.56,{"$f":"G370*H370","v":4797.3599999999997},"450045, г. Уфа, ПАО АНК \"Башнефть\" \"Башнефть-Новойл\""]
["Анкерные болты  ГОСТ 24379.1","ПАО АНК \"Башнефть\" \"Башнефть-Новойл\"",4,367,"Болт 5.1.М36х350 20","КМП",108,331.4,35791.199999999997,"450045, г. Уфа, ПАО АНК \"Башнефть\" \"Башнефть-Новойл\""]
["Анкерные болты  ГОСТ 24379.1","ПАО АНК \"Башнефть\" \"Башнефть-Новойл\"",4,368,"Болт 5.1.М36х500 20","КМП",1,431.04,431.04,"450045, г. Уфа, ПАО АНК \"Башнефть\" \"Башнефть-Новойл\""]
["Анкерные болты  ГОСТ 24379.1","ПАО АНК \"Башнефть\" \"Башнефть-Новойл\"",4,369,"Болт 5.1.М36х500 20","КМП",168,420.88,70707.839999999997,"450045, г. Уфа, ПАО АНК \"Башнефть\" \"Башнефть-Новойл\""]
["Анкерные болты  ГОСТ 24379.1","ПАО АНК \"Башнефть\" \"Башнефть-Новойл\"",4,370,"Болт 5.1.М42х800 Ст3пс2","КМП",72,564.65,40654.799999999996,"450045, г. Уфа, ПАО АНК \"Башнефть\" \"Башнефть-Новойл\""]
["Анкерные болты  ГОСТ 24379.1","ПАО АНК \"Башнефть\" \"Башнефть-Новойл\"",4,371,"Болт 5.М12х300 20 ГОСТ 24379.1","КМП",6,38.47,230.82,"450045, г. Уфа, ПАО АНК \"Башнефть\" \"Башнефть-Новойл\""]
["Анкерные болты  ГОСТ 24379.1","ПАО АНК \"Башнефть\" \"Башнефть-Новойл\"",4,372,"Болт 5.М12х300 Ст3пс2 ГОСТ 24379.1","КМП",24,24.19,580.56000000000006,"450045, г. Уфа, ПАО АНК \"Башнефть\" \"Башнефть-Новойл\""]
["Анкерные болты  ГОСТ 24379.1","ПАО АНК \"Башнефть\" \"Башнефть-Новойл\"",4,373,"Болт 5.М16х250 20 ГОСТ 24379.1","КМП",3,66.430000000000007,199.29000000000002,"450045, г. Уфа, ПАО АНК \"Башнефть\" \"Башнефть-Новойл\""]
["Анкерные болты  ГОСТ 24379.1","ПАО АНК \"Башнефть\" \"Башнефть-Новойл\"",4,374,"Болт 5.М16х450 Ст3пс2 ГОСТ 24379.1","КМП",1,86.24,86.24,"450045, г. Уфа, ПАО АНК \"Башнефть\" \"Башнефть-Новойл\""]
["Анкерные болты  ГОСТ 24379.1","ПАО АНК \"Башнефть\" \"Башнефть-Новойл\"",4,375,"Болт 5.М16х450 Ст3сп2 ГОСТ 24379.1","КМП",5,64.540000000000006,322.70000000000005,"450045, г. Уфа, ПАО АНК \"Башнефть\" \"Башнефть-Новойл\""]
["Анкерные болты  ГОСТ 24379.1","ПАО АНК \"Башнефть\" \"Башнефть-Новойл\"",4,376,"Болт 5.М20х450 Ст3пс2 ГОСТ 24379.1","КМП",1,86,86,"450045, г. Уфа, ПАО АНК \"Башнефть\" \"Башнефть-Новойл\""]
["Анкерные болты  ГОСТ 24379.1","ПАО АНК \"Башнефть\" \"Башнефть-Новойл\"",4,377,"Болт 5.М24х300 20 ГОСТ 24379.1","КМП",1,138.37,138.37,"450045, г. Уфа, ПАО АНК \"Башнефть\" \"Башнефть-Новойл\""]
["Анкерные болты  ГОСТ 24379.1","ПАО АНК \"Башнефть\" \"Башнефть-Новойл\"",4,378,"Болт 5.М24х400 20 ГОСТ 24379.1","КМП",3,140.41,421.23,"450045, г. Уфа, ПАО АНК \"Башнефть\" \"Башнефть-Новойл\""]
["Анкерные болты  ГОСТ 24379.1","ПАО АНК \"Башнефть\" \"Башнефть-Новойл\"",4,379,"Болт 5.М30х350 20 ГОСТ 24379.1","КМП",1,224.28,224.28,"450045, г. Уфа, ПАО АНК \"Башнефть\" \"Башнефть-Новойл\""]
["Анкерные болты  ГОСТ 24379.1","ПАО АНК \"Башнефть\" \"Башнефть-Новойл\"",4,380,"Шпил. 3-1-М16х590 35 ГОСТ 24379.1","ШТ",4,50.77,203.08,"450045, г. Уфа, ПАО АНК \"Башнефть\" \"Башнефть-Новойл\""]
["Анкерные болты  ГОСТ 24379.1","ПАО АНК \"Башнефть\" \"Башнефть-Новойл\"",4,381,"Шпилька 3.М24х600 Ст3сп","ШТ",6,170.41,1022.46,"450045, г. Уфа, ПАО АНК \"Башнефть\" \"Башнефть-Новойл\""]
["Анкерные болты  ГОСТ 24379.1","ПАО АНК \"Башнефть\" \"Башнефть-Новойл\"",4,382,"Шпилька 3.М24х710 ВСт3пс2","ШТ",12,139.66,1675.92,"450045, г. Уфа, ПАО АНК \"Башнефть\" \"Башнефть-Новойл\""]
["Анкерные болты  ГОСТ 24379.1","ПАО АНК \"Башнефть\" \"Башнефть-Новойл\"",4,383,"Шпилька 3-М24х710 Ст3сп ГОСТ 24379.1","ШТ",4,162.97999999999999,651.91999999999996,"450045, г. Уфа, ПАО АНК \"Башнефть\" \"Башнефть-Новойл\""]
["Анкерные болты  ГОСТ 24379.1","ПАО АНК \"Башнефть\" \"Башнефть-Новойл\"",4,384,"Шпилька 3-М24х750 20 ГОСТ 24379.1","КМП",4,454.06,1816.24,"450045, г. Уфа, ПАО АНК \"Башнефть\" \"Башнефть-Новойл\""]
["Анкерные болты  ГОСТ 24379.1","ПАО АНК \"Башнефть\" \"Башнефть-Новойл\"",4,385,"Шпилька 7.M12х200 Ст3пс3 2Г 2Ш","КМП",30,32.76,982.8,"450045, г. Уфа, ПАО АНК \"Башнефть\" \"Башнефть-Новойл\""]
["Анкерные болты  ГОСТ 24379.1","ПАО АНК \"Башнефть\" \"Башнефть-Новойл\"",4,386,"Шпилька 7.M12х200 Ст3пс3 2Г 2Ш","КМП",50,32.76,1638,"450045, г. Уфа, ПАО АНК \"Башнефть\" \"Башнефть-Новойл\""]
["Метизы","ПАО АНК \"Башнефть\" \"Башнефть-Новойл\"",5,387,"Винт высокопрочный M10х25","ШТ",6,17.22,103.32,"450045, г. Уфа, ПАО АНК \"Башнефть\" \"Башнефть-Новойл\""]
["Метизы","ПАО АНК \"Башнефть\" \"Башнефть-Новойл\"",5,388,"Винт М4х50","КГ",14,66.2,926.80000000000007,"450045, г. Уфа, ПАО АНК \"Башнефть\" \"Башнефть-Новойл\""]
["Метизы","ПАО АНК \"Башнефть\" \"Башнефть-Новойл\"",5,389,"Винт М4х50","КГ",14,66.2,926.80000000000007,"450045, г. Уфа, ПАО АНК \"Башнефть\" \"Башнефть-Новойл\""]
["Метизы","ПАО АНК \"Башнефть\" \"Башнефть-Новойл\"",5,390,"Винт М6х25 ТУ 36.25.12-13","КГ",3.9,98.48,384.072,"450045, г. Уфа, ПАО АНК \"Башнефть\" \"Башнефть-Новойл\""]
["Метизы","ПАО АНК \"Башнефть\" \"Башнефть-Новойл\"",5,391,"Винт А.М5-6GХ20.48","КГ",59.6,2.54,151.38400000000001,"450045, г. Уфа, ПАО АНК \"Башнефть\" \"Башнефть-Новойл\""]
["Метизы","ПАО АНК \"Башнефть\" \"Башнефть-Новойл\"",5,392,"Винт В.М4-6GХ10.58.019","КГ",0.7,80.319999999999993,56.22399999999999,"450045, г. Уфа, ПАО АНК \"Башнефть\" \"Башнефть-Новойл\""]
["Метизы","ПАО АНК \"Башнефть\" \"Башнефть-Новойл\"",5,393,"Винт В2.М6-6GХ30.58.016","КГ",15.5,12.77,197.935,"450045, г. Уфа, ПАО АНК \"Башнефть\" \"Башнефть-Новойл\""]
["Метизы","ПАО АНК \"Башнефть\" \"Башнефть-Новойл\"",5,394,"Винт высокопрочный M10х25","ШТ",2,17.22,34.44,"450045, г. Уфа, ПАО АНК \"Башнефть\" \"Башнефть-Новойл\""]
["Метизы","ПАО АНК \"Башнефть\" \"Башнефть-Новойл\"",5,395,"Винт М24х90 DIN 915","ШТ",50,315.83999999999997,15791.999999999998,"450045, г. Уфа, ПАО АНК \"Башнефть\" \"Башнефть-Новойл\""]
["Метизы","ПАО АНК \"Башнефть\" \"Башнефть-Новойл\"",5,396,"Винт М3х14 ГОСТ17473","КГ",56.5,12.83,724.89499999999998,"450045, г. Уфа, ПАО АНК \"Башнефть\" \"Башнефть-Новойл\""]
["Метизы","ПАО АНК \"Башнефть\" \"Башнефть-Новойл\"",5,397,"Винт М4х50","КГ",44.8,66.2,2965.7599999999998,"450045, г. Уфа, ПАО АНК \"Башнефть\" \"Башнефть-Новойл\""]
["Метизы","ПАО АНК \"Башнефть\" \"Башнефть-Новойл\"",5,398,"Винт М6х25 ГОСТ 11651","ШТ",30,18.79,563.69999999999993,"450045, г. Уфа, ПАО АНК \"Башнефть\" \"Башнефть-Новойл\""]
["Метизы","ПАО АНК \"Башнефть\" \"Башнефть-Новойл\"",5,399,"Винт М6х25 ТУ 36.25.12-13","КГ",2,98.48,196.96,"450045, г. Уфа, ПАО АНК \"Башнефть\" \"Башнефть-Новойл\""]
["Метизы","ПАО АНК \"Башнефть\" \"Башнефть-Новойл\"",5,400,"Винт М6х25 ТУ 36.25.12-13","КГ",2,53.54,107.08,"450045, г. Уфа, ПАО АНК \"Башнефть\" \"Башнефть-Новойл\""]
["Метизы","ПАО АНК \"Башнефть\" \"Башнефть-Новойл\"",5,401,"Шпил. М10х370 35 ч.№1052","ШТ",10,22.94,229.4,"450045, г. Уфа, ПАО АНК \"Башнефть\" \"Башнефть-Новойл\""]
["Метизы","ПАО АНК \"Башнефть\" \"Башнефть-Новойл\"",5,402,"Шпил.ВМ20х350 35 9066","ШТ",2,116.44,232.88,"450045, г. Уфа, ПАО АНК \"Башнефть\" \"Башнефть-Новойл\""]
["Метизы","ПАО АНК \"Башнефть\" \"Башнефть-Новойл\"",5,403,"Шпил.М52х320GrL7M/Gr2HMASTMA320/ASTMA194","КМП",28,856.4,23979.200000000001,"450045, г. Уфа, ПАО АНК \"Башнефть\" \"Башнефть-Новойл\""]
["Метизы","ПАО АНК \"Башнефть\" \"Башнефть-Новойл\"",5,404,"Шпилька HAS-E-5.8 M24x210/54 HILTI","ШТ",360,191.53,68950.8,"450045, г. Уфа, ПАО АНК \"Башнефть\" \"Башнефть-Новойл\""]
["Метизы","ПАО АНК \"Башнефть\" \"Башнефть-Новойл\"",5,405,"Шпилька Hilti HIT-V-5.8 M10x130 387058","ШТ",6,22.88,137.28,"450045, г. Уфа, ПАО АНК \"Башнефть\" \"Башнефть-Новойл\""]
["Метизы","ПАО АНК \"Башнефть\" \"Башнефть-Новойл\"",5,406,"Шпилька анк. HILTI HAS-E-5.8 M12х110/28","ШТ",19,28.61,543.59,"450045, г. Уфа, ПАО АНК \"Башнефть\" \"Башнефть-Новойл\""]
["Метизы","ПАО АНК \"Башнефть\" \"Башнефть-Новойл\"",5,407,"Шпилька анкерная HILTI HAS-E M36х330/90","ШТ",10,1418.65,14186.5,"450045, г. Уфа, ПАО АНК \"Башнефть\" \"Башнефть-Новойл\""]
["Метизы","ПАО АНК \"Башнефть\" \"Башнефть-Новойл\"",5,408,"Шпилька анкерная HILTI HAS-TZ M12х95/25","ШТ",84,145.97,12261.48,"450045, г. Уфа, ПАО АНК \"Башнефть\" \"Башнефть-Новойл\""]
["Метизы","ПАО АНК \"Башнефть\" \"Башнефть-Новойл\"",5,409,"Шпилька анкерная HILTI HAS-TZ M12х95/25","ШТ",2,142.58000000000001,285.16000000000003,"450045, г. Уфа, ПАО АНК \"Башнефть\" \"Башнефть-Новойл\""]
["Метизы","ПАО АНК \"Башнефть\" \"Башнефть-Новойл\"",5,410,"Шпилька М16х300.50 Ст20/35 ИИ/ГОСТ5915","КМП",2,227.54,455.08,"450045, г. Уфа, ПАО АНК \"Башнефть\" \"Башнефть-Новойл\""]
["Метизы","ПАО АНК \"Башнефть\" \"Башнефть-Новойл\"",5,411,"Шпилька М24х660.80 Ст3пс2/35 ИИ/ГОСТ5915","КМП",24,982.22,23573.279999999999,"450045, г. Уфа, ПАО АНК \"Башнефть\" \"Башнефть-Новойл\""]
["Метизы","ПАО АНК \"Башнефть\" \"Башнефть-Новойл\"",5,412,"Шпилька М30х400.80 Ст3пс2/35 ИИ/ГОСТ5915","КМП",36,987.64,35555.040000000001,"450045, г. Уфа, ПАО АНК \"Башнефть\" \"Башнефть-Новойл\""]
["Метизы","ПАО АНК \"Башнефть\" \"Башнефть-Новойл\"",5,413,"Шпилька М8Х1000 DKC СМ200801","ШТ",5,40.909999999999997,204.54999999999998,"450045, г. Уфа, ПАО АНК \"Башнефть\" \"Башнефть-Новойл\""]
["Метизы","ПАО АНК \"Башнефть\" \"Башнефть-Новойл\"",5,414,"Шуруп 4х30 (Г1160)","КГ",15.2,15.09,229.36799999999999,"450045, г. Уфа, ПАО АНК \"Башнефть\" \"Башнефть-Новойл\""]
["Метизы","ПАО АНК \"Башнефть\" \"Башнефть-Новойл\"",5,415,"Шпилька Hilti HIT-V-5.8 M10x130 387058","ШТ",154,22.88,3523.52,"450045, г. Уфа, ПАО АНК \"Башнефть\" \"Башнефть-Новойл\""]

{"sheet":"Лист1","index":1,"n_rows":0,"n_cols":0,"rows_kept":0,"cut":false,"hidden":false,"merged":[]}